Alle Städte in Deutschland auf einer Karte - Statistiken

Allgemein
  • Dieses Quiz wurde 4.999 mal gespielt
  • Das Durchschnittsergebnis liegt bei 224 aus 2055
Antworten auf der Karte
Die Antworten werden auf der Karte rot bzw. grün angezeigt, abhängig davon wie oft sie richtig erraten wurden.
 
Antwortstatistiken
Bundesland 1. Buchstabe Einwohner Stadt % Korrekt
Berlin B 3.664.088 Berlin
78%
Bayern M 1.488.202 München
77%
Hamburg H 1.852.478 Hamburg
76%
Nordrhein-Westfalen K 1.083.498 Köln
74%
Bremen B 566.573 Bremen
73%
Hessen F 764.104 Frankfurt am Main
73%
Brandenburg F 57.015 Frankfurt (Oder)
73%
Schleswig-Holstein K 246.601 Kiel
73%
Baden-Württemberg S 630.305 Stuttgart
73%
Sachsen D 556.227 Dresden
71%
Nordrhein-Westfalen D 620.523 Düsseldorf
71%
Nordrhein-Westfalen D 587.696 Dortmund
70%
Sachsen L 597.493 Leipzig
70%
Baden-Württemberg A 2.314 Aach
68%
Nordrhein-Westfalen E 582.415 Essen
68%
Bayern N 515.543 Nürnberg
68%
Baden-Württemberg F 230.940 Freiburg im Breisgau
67%
Niedersachsen H 534.049 Hannover
67%
Thüringen E 213.692 Erfurt
66%
Brandenburg P 182.112 Potsdam
66%
Sachsen-Anhalt M 235.775 Magdeburg
65%
Nordrhein-Westfalen B 330.579 Bonn
64%
Schleswig-Holstein F 89.934 Flensburg
64%
Rheinland-Pfalz M 217.123 Mainz
64%
Baden-Württemberg M 309.721 Mannheim
64%
Mecklenburg-Vorpommern R 209.061 Rostock
64%
Saarland S 179.349 Saarbrücken
64%
Bayern A 295.830 Augsburg
63%
Bremen B 113.557 Bremerhaven
63%
Nordrhein-Westfalen D 495.885 Duisburg
63%
Schleswig-Holstein H 21.485 Heide
63%
Hessen O 15.127 Ober-Ramstadt
63%
Baden-Württemberg U 126.405 Ulm
63%
Nordrhein-Westfalen A 248.878 Aachen
62%
Mecklenburg-Vorpommern B 5.359 Burg Stargard
62%
Baden-Württemberg K 308.436 Karlsruhe
62%
Niedersachsen M 15.134 Munster
62%
Nordrhein-Westfalen M 316.403 Münster
62%
Thüringen J 110.731 Jena
61%
Schleswig-Holstein L 215.846 Lübeck
61%
Mecklenburg-Vorpommern S 95.609 Schwerin
61%
Nordrhein-Westfalen B 333.509 Bielefeld
60%
Nordrhein-Westfalen B 364.454 Bochum
60%
Sachsen-Anhalt H 237.865 Halle (Saale)
60%
Nordrhein-Westfalen H 21.448 Halle (Westf.)
60%
Bayern R 10.888 Regen
60%
Sachsen C 244.401 Chemnitz
59%
Hessen K 201.048 Kassel
59%
Bayern R 152.270 Regensburg
59%
Hessen W 278.609 Wiesbaden
59%
Nordrhein-Westfalen W 355.004 Wuppertal
58%
Nordrhein-Westfalen G 259.105 Gelsenkirchen
57%
Bayern I 136.952 Ingolstadt
57%
Niedersachsen W 123.840 Wolfsburg
57%
Rheinland-Pfalz B 7.092 Bernkastel-Kues
56%
Niedersachsen B 248.561 Braunschweig
56%
Brandenburg C 98.693 Cottbus (Chóśebuz)
56%
Bayern W 126.954 Würzburg
56%
Hessen D 159.174 Darmstadt
55%
Bayern F 128.223 Fürth
55%
Bayern F 8.923 Furth im Wald
55%
Niedersachsen G 30.966 Geestland (Langen - Bad Bederkesa)
55%
Niedersachsen O 169.605 Oldenburg
55%
Schleswig-Holstein O 9.851 Oldenburg in Holstein
55%
Niedersachsen O 164.223 Osnabrück
55%
Rheinland-Pfalz T 110.674 Trier
55%
Thüringen G 92.126 Gera
54%
Baden-Württemberg H 158.741 Heidelberg
54%
Rheinland-Pfalz K 113.388 Koblenz
54%
Nordrhein-Westfalen H 178.967 Hamm
53%
Rheinland-Pfalz L 172.557 Ludwigshafen am Rhein
53%
Sachsen B 9.145 Brand-Erbisdorf
52%
Rheinland-Pfalz K 99.662 Kaiserslautern
52%
Bayern H 45.173 Hof
51%
Nordrhein-Westfalen M 259.665 Mönchengladbach
51%
Nordrhein-Westfalen P 151.864 Paderborn
51%
Bayern P 52.415 Passau
51%
Baden-Württemberg T 12.216 Titisee-Neustadt
51%
Brandenburg B 72.040 Brandenburg an der Havel
50%
Niedersachsen G 116.845 Göttingen
50%
Baden-Württemberg K 84.446 Konstanz
50%
Nordrhein-Westfalen O 209.566 Oberhausen
50%
Hessen O 130.892 Offenbach am Main
50%
Nordrhein-Westfalen H 188.687 Hagen
49%
Nordrhein-Westfalen L 163.905 Leverkusen
49%
Bayern N 13.224 Neustadt a.d. Aisch
49%
Bayern N 14.493 Neustadt a.d. Donau
49%
Bayern N 5.723 Neustadt a.d. Waldnaab
49%
Bayern N 1.129 Neustadt am Kulm
49%
Niedersachsen N 44.586 Neustadt am Rübenberge
49%
Thüringen N 9.095 Neustadt an der Orla
49%
Rheinland-Pfalz N 53.306 Neustadt an der Weinstraße
49%
Bayern N 14.995 Neustadt b. Coburg
49%
Brandenburg N 3.395 Neustadt (Dosse)
49%
Mecklenburg-Vorpommern N 6.997 Neustadt-Glewe
49%
Hessen N 9.947 Neustadt (Hessen)
49%
Schleswig-Holstein N 15.154 Neustadt in Holstein
49%
Sachsen N 11.962 Neustadt in Sachsen
49%
Sachsen Z 87.516 Zwickau
49%
Bayern E 112.385 Erlangen
48%
Baden-Württemberg A 68.361 Aalen
47%
Nordrhein-Westfalen A 52.635 Ahlen
47%
Baden-Württemberg B 55.449 Baden-Baden
47%
Nordrhein-Westfalen K 226.844 Krefeld
47%
Hessen L 5.716 Leun
47%
Nordrhein-Westfalen S 101.943 Siegen
47%
Bayern A 70.858 Aschaffenburg
46%
Bayern B 76.674 Bamberg
46%
Bayern B 74.048 Bayreuth
46%
Nordrhein-Westfalen B 111.636 Bergisch Gladbach
46%
Hessen G 90.131 Gießen
46%
Baden-Württemberg H 126.458 Heilbronn
46%
Baden-Württemberg P 126.016 Pforzheim
46%
Thüringen W 65.098 Weimar
46%
Niedersachsen C 48.326 Cuxhaven
45%
Nordrhein-Westfalen S 159.193 Solingen
45%
Hessen F 67.980 Fulda
44%
Mecklenburg-Vorpommern G 59.282 Greifswald
44%
Nordrhein-Westfalen H 156.940 Herne
44%
Niedersachsen H 101.055 Hildesheim
44%
Baden-Württemberg T 91.077 Tübingen
44%
Sachsen G 55.784 Görlitz
43%
Baden-Württemberg H 49.342 Heidenheim an der Brenz
43%
Bayern N 58.841 Neu-Ulm
43%
Baden-Württemberg R 116.031 Reutlingen
43%
Bayern R 63.591 Rosenheim
43%
Nordrhein-Westfalen W 95.876 Witten
43%
Nordrhein-Westfalen B 117.388 Bottrop
42%
Sachsen-Anhalt B 22.240 Burg (b. Magdeburg)
42%
Niedersachsen E 49.874 Emden
42%
Nordrhein-Westfalen G 100.664 Gütersloh
42%
Hessen H 97.137 Hanau
42%
Nordrhein-Westfalen N 153.109 Neuss
42%
Niedersachsen W 75.189 Wilhelmshaven
42%
Baden-Württemberg L 93.358 Ludwigsburg
41%
Baden-Württemberg M 19.119 Müllheim
41%
Nordrhein-Westfalen R 110.705 Recklinghausen
41%
Niedersachsen S 103.866 Salzgitter
41%
Bayern S 53.319 Schweinfurt
41%
Mecklenburg-Vorpommern S 59.205 Stralsund
41%
Niedersachsen L 75.301 Lüneburg
40%
Hessen M 76.401 Marburg
40%
Mecklenburg-Vorpommern N 63.372 Neubrandenburg
40%
Baden-Württemberg V 85.686 Villingen-Schwenningen
40%
Baden-Württemberg E 92.722 Esslingen am Neckar
39%
Baden-Württemberg F 61.221 Friedrichshafen
39%
Bayern K 68.940 Kempten (Allgäu)
39%
Nordrhein-Westfalen M 170.921 Mülheim an der Ruhr
39%
Rheinland-Pfalz M 11.185 Mülheim-Kärlich
39%
Baden-Württemberg R 50.776 Ravensburg
39%
Rheinland-Pfalz W 83.459 Worms
39%
Niedersachsen C 69.399 Celle
38%
Sachsen-Anhalt D 79.354 Dessau-Roßlau
38%
Saarland H 41.790 Homburg
38%
Baden-Württemberg O 60.388 Offenburg
38%
Saarland S 34.409 Saarlouis
38%
Bayern C 40.842 Coburg
37%
Nordrhein-Westfalen M 103.487 Moers
37%
Schleswig-Holstein N 79.905 Neumünster
37%
Mecklenburg-Vorpommern P 6.055 Plau am See
37%
Nordrhein-Westfalen R 111.516 Remscheid
37%
Mecklenburg-Vorpommern W 42.824 Wismar
37%
Bayern D 47.680 Dachau
36%
Thüringen E 41.970 Eisenach
36%
Bayern L 73.065 Landshut
36%
Nordrhein-Westfalen M 81.592 Minden
36%
Brandenburg K 38.111 Königs Wusterhausen
35%
Bayern L 25.543 Lindau (Bodensee)
35%
Bayern M 44.360 Memmingen
35%
Sachsen B 38.006 Bautzen (Budyšin)
34%
Nordrhein-Westfalen D 91.272 Düren
34%
Nordrhein-Westfalen I 91.815 Iserlohn
34%
Thüringen P 2.007 Plaue
34%
Bayern R 25.232 Roth
34%
Sachsen F 39.948 Freiberg
33%
Baden-Württemberg F 15.976 Freiberg am Neckar
33%
Hessen L 38.524 Langen (Hessen)
33%
Rheinland-Pfalz S 50.741 Speyer
33%
Bayern S 14.346 Stein
33%
Saarland N 46.037 Neunkirchen
32%
Sachsen P 64.014 Plauen
32%
Baden-Württemberg S 35.433 Sinsheim
32%
Baden-Württemberg W 30.009 Weil am Rhein
32%
Baden-Württemberg W 19.107 Weil der Stadt
32%
Sachsen-Anhalt W 45.425 Wittenberg
32%
Mecklenburg-Vorpommern W 6.303 Wittenburg
32%
Bayern A 41.681 Ansbach
31%
Sachsen-Anhalt B 37.568 Bitterfeld-Wolfen
31%
Niedersachsen D 77.503 Delmenhorst
31%
Baden-Württemberg G 57.974 Göppingen
31%
Niedersachsen G 50.184 Goslar
31%
Niedersachsen H 57.276 Hameln
31%
Bayern L 13.698 Landau a.d. Isar
31%
Rheinland-Pfalz L 46.685 Landau in der Pfalz
31%
Nordrhein-Westfalen U 58.816 Unna
31%
Sachsen A 20.084 Aue-Bad Schlema
30%
Baden-Württemberg B 50.121 Böblingen
30%
Thüringen G 45.273 Gotha
30%
Nordrhein-Westfalen L 67.793 Lippstadt
30%
Niedersachsen S 47.611 Stade
30%
Bayern E 36.455 Erding
29%
Bayern F 48.872 Freising
29%
Baden-Württemberg L 49.295 Lörrach
29%
Nordrhein-Westfalen M 84.312 Marl
29%
Schleswig-Holstein P 43.503 Pinneberg
29%
Bayern R 8.455 Rottenburg a.d. Laaber
29%
Baden-Württemberg R 43.756 Rottenburg am Neckar
29%
Baden-Württemberg S 64.595 Sindelfingen
29%
Bayern A 42.052 Amberg
28%
Niedersachsen B 13.382 Bergen
28%
Mecklenburg-Vorpommern B 13.572 Bergen auf Rügen
28%
Niedersachsen B 40.026 Buxtehude
28%
Nordrhein-Westfalen C 73.126 Castrop-Rauxel
28%
Nordrhein-Westfalen K 52.359 Kleve
28%
Niedersachsen L 34.958 Leer (Ostfriesland)
28%
Sachsen M 28.231 Meißen
28%
Niedersachsen M 35.457 Meppen
28%
Schleswig-Holstein N 79.155 Norderstedt
28%
Rheinland-Pfalz P 40.176 Pirmasens
28%
Thüringen S 36.395 Suhl
28%
Rheinland-Pfalz Z 34.001 Zweibrücken
28%
Niedersachsen A 42.268 Aurich
27%
Brandenburg O 45.492 Oranienburg
27%
Baden-Württemberg R 50.165 Rastatt
27%
Hessen R 65.972 Rüsselsheim am Main
27%
Nordrhein-Westfalen V 77.376 Viersen
27%
Nordrhein-Westfalen X 21.521 Xanten
27%
Rheinland-Pfalz B 51.310 Bad Kreuznach
26%
Rheinland-Pfalz B 25.736 Bingen am Rhein
26%
Nordrhein-Westfalen D 74.097 Detmold
26%
Nordrhein-Westfalen E 58.466 Euskirchen
26%
Hessen L 35.648 Limburg a.d. Lahn
26%
Nordrhein-Westfalen L 71.911 Lüdenscheid
26%
Thüringen N 40.969 Nordhausen
26%
Nordrhein-Westfalen R 76.123 Rheine
26%
Baden-Württemberg S 40.679 Schwäbisch Hall
26%
Baden-Württemberg S 48.033 Singen (Hohentwiel)
26%
Nordrhein-Westfalen S 47.206 Soest
26%
Sachsen-Anhalt S 38.778 Stendal
26%
Bayern S 47.612 Straubing
26%
Mecklenburg-Vorpommern W 21.147 Waren (Müritz)
26%
Mecklenburg-Vorpommern W 3.239 Warin
26%
Nordrhein-Westfalen W 60.329 Wesel
26%
Hessen B 54.092 Bad Homburg v. d. Höhe
25%
Nordrhein-Westfalen B 71.061 Bocholt
25%
Bayern D 33.750 Deggendorf
25%
Nordrhein-Westfalen G 75.518 Gladbeck
25%
Schleswig-Holstein H 23.249 Husum
25%
Baden-Württemberg K 36.947 Kehl
25%
Niedersachsen L 55.232 Lingen (Ems)
25%
Nordrhein-Westfalen L 85.838 Lünen
25%
Nordrhein-Westfalen R 86.899 Ratingen
25%
Schleswig-Holstein S 25.322 Schleswig
25%
Niedersachsen V 32.894 Vechta
25%
Hessen W 53.188 Wetzlar
25%
Niedersachsen C 35.966 Cloppenburg
24%
Rheinland-Pfalz N 64.860 Neuwied
24%
Nordrhein-Westfalen O 24.593 Olpe
24%
Bayern R 11.273 Rothenburg ob der Tauber
24%
Sachsen R 4.405 Rothenburg/O.L.
24%
Baden-Württemberg S 61.216 Schwäbisch Gmünd
24%
Baden-Württemberg T 36.507 Tuttlingen
24%
Sachsen A 7.880 Altenberg
23%
Thüringen A 31.101 Altenburg
23%
Rheinland-Pfalz B 28.634 Bad Neuenahr-Ahrweiler
23%
Bayern B 19.141 Bad Tölz
23%
Rheinland-Pfalz B 15.181 Bitburg
23%
Bayern F 36.843 Fürstenfeldbruck
23%
Nordrhein-Westfalen H 66.495 Herford
23%
Schleswig-Holstein I 31.796 Itzehoe
23%
Bayern K 44.662 Kaufbeuren
23%
Hessen M 28.534 Mühlheim am Main
23%
Baden-Württemberg M 3.604 Mühlheim an der Donau
23%
Niedersachsen P 50.249 Peine
23%
Sachsen P 38.284 Pirna
23%
Brandenburg S 29.433 Schwedt/Oder
23%
Niedersachsen U 33.685 Uelzen
23%
Bayern W 42.535 Weiden i.d. OPf.
23%
Sachsen A 19.393 Annaberg-Buchholz
22%
Nordrhein-Westfalen B 42.650 Borken
22%
Hessen B 12.506 Borken (Hessen)
22%
Nordrhein-Westfalen D 67.338 Dinslaken
22%
Brandenburg E 40.965 Eberswalde
22%
Nordrhein-Westfalen G 37.709 Greven
22%
Nordrhein-Westfalen G 50.978 Gummersbach
22%
Nordrhein-Westfalen K 42.875 Kamen
22%
Sachsen-Anhalt L 15.068 Landsberg
22%
Bayern L 29.346 Landsberg am Lech
22%
Hessen L 13.880 Lich
22%
Nordrhein-Westfalen M 38.749 Mettmann
22%
Thüringen N 477 Neumark
22%
Niedersachsen N 24.767 Norden
22%
Sachsen-Anhalt Q 23.604 Quedlinburg
22%
Hessen R 13.959 Rotenburg a. d. Fulda
22%
Niedersachsen R 22.072 Rotenburg (Wümme)
22%
Baden-Württemberg R 24.975 Rottweil
22%
Nordrhein-Westfalen T 74.994 Troisdorf
22%
Niedersachsen W 52.121 Wolfenbüttel
22%
Nordrhein-Westfalen A 73.487 Arnsberg
21%
Brandenburg B 40.908 Bernau bei Berlin
21%
Baden-Württemberg B 33.510 Biberach an der Riß
21%
Bayern C 17.053 Cham
21%
Bayern D 19.314 Dillingen a.d. Donau
21%
Saarland D 19.801 Dillingen/Saar
21%
Nordrhein-Westfalen D 64.500 Dormagen
21%
Schleswig-Holstein E 49.948 Elmshorn
21%
Rheinland-Pfalz F 48.750 Frankenthal (Pfalz)
21%
Bayern F 15.538 Füssen
21%
Niedersachsen N 53.839 Nordhorn
21%
Schleswig-Holstein R 28.705 Rendsburg
21%
Mecklenburg-Vorpommern S 5.017 Schwaan
21%
Nordrhein-Westfalen S 41.669 Siegburg
21%
Bayern S 23.511 Starnberg
21%
Nordrhein-Westfalen V 25.382 Verl
21%
Nordrhein-Westfalen V 36.047 Voerde (Niederrhein)
21%
Baden-Württemberg W 55.526 Waiblingen
21%
Baden-Württemberg W 45.335 Weinheim
21%
Nordrhein-Westfalen B 61.749 Bergheim
20%
Nordrhein-Westfalen B 43.673 Brühl
20%
Rheinland-Pfalz C 5.256 Cochem
20%
Nordrhein-Westfalen C 36.182 Coesfeld
20%
Nordrhein-Westfalen D 74.515 Dorsten
20%
Brandenburg E 23.373 Eisenhüttenstadt
20%
Mecklenburg-Vorpommern G 28.999 Güstrow
20%
Sachsen-Anhalt H 39.221 Halberstadt
20%
Nordrhein-Westfalen H 42.476 Heinsberg
20%
Nordrhein-Westfalen H 28.509 Höxter
20%
Rheinland-Pfalz I 28.313 Idar-Oberstein
20%
Baden-Württemberg K 40.774 Kirchheim unter Teck
20%
Mecklenburg-Vorpommern L 11.959 Ludwigslust
20%
Bayern S 41.056 Schwabach
20%
Saarland V 39.412 Völklingen
20%
Sachsen-Anhalt W 32.181 Wernigerode
20%
Baden-Württemberg Z 8.066 Zell am Harmersbach
20%
Baden-Württemberg Z 6.296 Zell im Wiesental
20%
Rheinland-Pfalz Z 4.064 Zell (Mosel)
20%
Sachsen Z 24.738 Zittau
20%
Bayern B 22.421 Bad Kissingen
19%
Nordrhein-Westfalen B 48.535 Bad Oeynhausen
19%
Baden-Württemberg C 23.716 Calw
19%
Schleswig-Holstein E 21.637 Eckernförde
19%
Sachsen F 39.405 Freital
19%
Bayern F 29.916 Friedberg
19%
Hessen F 29.477 Friedberg (Hessen)
19%
Nordrhein-Westfalen G 63.941 Grevenbroich
19%
Hessen G 25.685 Groß-Gerau
19%
Sachsen H 31.790 Hoyerswerda (Wojerecy)
19%
Nordrhein-Westfalen H 59.525 Hürth
19%
Thüringen I 38.637 Ilmenau
19%
Nordrhein-Westfalen K 65.802 Kerpen
19%
Bayern K 25.781 Kulmbach
19%
Baden-Württemberg L 47.551 Lahr/Schwarzwald
19%
Brandenburg N 30.764 Neuruppin
19%
Niedersachsen N 31.443 Nienburg (Weser)
19%
Schleswig-Holstein P 8.987 Plön
19%
Sachsen R 29.256 Riesa
19%
Thüringen S 29.071 Saalfeld/Saale
19%
Baden-Württemberg S 16.916 Sigmaringen
19%
Nordrhein-Westfalen S 34.431 Steinfurt
19%
Saarland S 25.438 St. Wendel
19%
Bayern T 20.530 Traunstein
19%
Nordrhein-Westfalen V 81.564 Velbert
19%
Baden-Württemberg W 10.351 Weilheim an der Teck
19%
Bayern W 22.727 Weilheim i. OB
19%
Hessen B 30.039 Bad Hersfeld
18%
Baden-Württemberg C 34.661 Crailsheim
18%
Baden-Württemberg F 23.760 Freudenstadt
18%
Bayern G 20.958 Günzburg
18%
Nordrhein-Westfalen H 54.278 Hattingen
18%
Nordrhein-Westfalen H 55.274 Hilden
18%
Nordrhein-Westfalen J 32.336 Jülich
18%
Bayern L 26.434 Lauf a.d. Pegnitz
18%
Thüringen M 24.722 Meiningen
18%
Saarland M 29.700 Merzig
18%
Hessen N 5.003 Naumburg
18%
Sachsen-Anhalt N 32.053 Naumburg (Saale)
18%
Bayern N 29.662 Neuburg a.d. Donau
18%
Bayern N 40.243 Neumarkt i.d. OPf.
18%
Bayern N 6.295 Neumarkt-Sankt Veit
18%
Bayern P 26.272 Pfaffenhofen a.d. Ilm
18%
Sachsen-Anhalt S 23.306 Salzwedel
18%
Baden-Württemberg S 12.458 Sulz am Neckar
18%
Nordrhein-Westfalen W 37.173 Warendorf
18%
Bayern A 12.977 Altötting
17%
Rheinland-Pfalz B 18.553 Bad Dürkheim
17%
Baden-Württemberg B 34.505 Balingen
17%
Baden-Württemberg B 43.146 Bietigheim-Bissingen
17%
Baden-Württemberg E 28.051 Emmendingen
17%
Bayern F 32.374 Forchheim
17%
Niedersachsen G 42.939 Gifhorn
17%
Nordrhein-Westfalen H 37.845 Haltern am See
17%
Niedersachsen H 25.544 Helmstedt
17%
Nordrhein-Westfalen I 51.526 Ibbenbüren
17%
Rheinland-Pfalz I 35.161 Ingelheim am Rhein
17%
Niedersachsen J 14.562 Jever
17%
Baden-Württemberg L 48.753 Leonberg
17%
Thüringen M 35.799 Mühlhausen/Thüringen
17%
Baden-Württemberg N 26.324 Neckarsulm
17%
Mecklenburg-Vorpommern N 20.151 Neustrelitz
17%
Baden-Württemberg N 41.154 Nürtingen
17%
Niedersachsen P 37.551 Papenburg
17%
Nordrhein-Westfalen R 48.672 Rheda-Wiedenbrück
17%
Brandenburg T 27.097 Teltow
17%
Rheinland-Pfalz A 30.132 Andernach
16%
Schleswig-Holstein B 17.641 Bad Segeberg
16%
Baden-Württemberg B 45.364 Bruchsal
16%
Bayern B 18.795 Burghausen
16%
Nordrhein-Westfalen E 56.172 Eschweiler
16%
Brandenburg F 44.236 Falkensee
16%
Baden-Württemberg F 45.958 Filderstadt
16%
Nordrhein-Westfalen F 51.947 Frechen
16%
Brandenburg F 31.992 Fürstenwalde/Spree
16%
Nordrhein-Westfalen L 59.112 Langenfeld (Rheinland)
16%
Nordrhein-Westfalen L 40.456 Lemgo
16%
Brandenburg M 836 Märkisch Buchholz
16%
Hessen N 6.894 Neukirchen
16%
Nordrhein-Westfalen N 27.532 Neukirchen-Vluyn
16%
Niedersachsen N 29.092 Northeim
16%
Nordrhein-Westfalen O 31.532 Oer-Erkenschwick
16%
Sachsen R 33.843 Radebeul
16%
Bayern S 29.020 Schwandorf
16%
Thüringen S 23.229 Sonneberg
16%
Bayern S 19.252 Sulzbach-Rosenberg
16%
Schleswig-Holstein A 34.052 Ahrensburg
15%
Nordrhein-Westfalen B 54.166 Bad Salzuflen
15%
Nordrhein-Westfalen B 48.919 Bergkamen
15%
Rheinland-Pfalz D 4.572 Dahn
15%
Bayern E 13.343 Eichstätt
15%
Nordrhein-Westfalen E 50.060 Erftstadt
15%
Schleswig-Holstein F 12.875 Fehmarn
15%
Rheinland-Pfalz G 20.643 Germersheim
15%
Thüringen G 20.108 Greiz
15%
Bayern H 5.575 Harburg (Schwaben)
15%
Hessen H 26.218 Heppenheim (Bergstraße)
15%
Nordrhein-Westfalen K 41.122 Königswinter
15%
Bayern K 16.701 Kronach
15%
Niedersachsen L 54.684 Langenhagen
15%
Rheinland-Pfalz M 19.284 Mayen
15%
Nordrhein-Westfalen M 52.452 Menden (Sauerland)
15%
Sachsen-Anhalt M 33.593 Merseburg
15%
Mecklenburg-Vorpommern P 17.622 Parchim
15%
Niedersachsen S 21.292 Soltau
15%
Saarland S 35.213 St. Ingbert
15%
Sachsen S 11.235 Stollberg/Erzgeb.
15%
Niedersachsen V 27.636 Verden (Aller)
15%
Baden-Württemberg W 24.067 Waldshut-Tiengen
15%
Hessen W 8.841 Wetter (Hessen)
15%
Nordrhein-Westfalen W 27.269 Wetter (Ruhr)
15%
Nordrhein-Westfalen W 12.442 Winterberg
15%
Brandenburg W 16.862 Wittenberge
15%
Niedersachsen A 32.084 Achim
14%
Baden-Württemberg A 45.472 Albstadt
14%
Rheinland-Pfalz A 18.820 Alzey
14%
Mecklenburg-Vorpommern A 12.288 Anklam
14%
Sachsen-Anhalt A 6.635 Annaburg
14%
Niedersachsen B 5.002 Borkum
14%
Niedersachsen B 40.091 Buchholz in der Nordheide
14%
Bayern D 20.003 Dingolfing
14%
Baden-Württemberg D 22.205 Donaueschingen
14%
Nordrhein-Westfalen D 46.706 Dülmen
14%
Niedersachsen G 61.021 Garbsen
14%
Niedersachsen G 10.711 Gronau (Leine)
14%
Nordrhein-Westfalen G 48.576 Gronau (Westf.)
14%
Nordrhein-Westfalen H 30.263 Haan
14%
Nordrhein-Westfalen H 61.860 Herten
14%
Baden-Württemberg H 21.539 Hockenheim
14%
Niedersachsen H 19.790 Holzminden
14%
Sachsen-Anhalt K 25.244 Köthen (Anhalt)
14%
Rheinland-Pfalz K 5.566 Kusel
14%
Schleswig-Holstein L 11.321 Lauenburg/Elbe
14%
Bayern L 20.034 Lichtenfels
14%
Hessen L 4.093 Lichtenfels
14%
Nordrhein-Westfalen L 39.871 Löhne
14%
Niedersachsen L 27.259 Lohne (Oldenburg)
14%
Bayern M 5.200 Monheim
14%
Nordrhein-Westfalen M 41.279 Monheim am Rhein
14%
Hessen M 34.799 Mörfelden-Walldorf
14%
Nordrhein-Westfalen P 35.734 Porta Westfalica
14%
Baden-Württemberg R 31.530 Radolfzell am Bodensee
14%
Rheinland-Pfalz R 17.156 Remagen
14%
Nordrhein-Westfalen S 55.590 Sankt Augustin
14%
Thüringen S 19.553 Schmalkalden
14%
Nordrhein-Westfalen S 46.124 Schwerte
14%
Thüringen S 18.886 Sömmerda
14%
Saarland S 16.343 Sulzbach/Saar
14%
Sachsen-Anhalt W 39.958 Weißenfels
14%
Nordrhein-Westfalen A 39.404 Ahaus
13%
Rheinland-Pfalz A 6.301 Altenkirchen (Westerwald)
13%
Baden-Württemberg B 37.558 Backnang
13%
Schleswig-Holstein B 24.784 Bad Oldesloe
13%
Nordrhein-Westfalen D 34.714 Datteln
13%
Niedersachsen D 17.152 Diepholz
13%
Bayern D 19.593 Donauwörth
13%
Bayern E 12.213 Ebersberg
13%
Sachsen-Anhalt E 22.668 Eisleben
13%
Nordrhein-Westfalen E 30.869 Emmerich am Rhein
13%
Nordrhein-Westfalen E 30.117 Ennepetal
13%
Baden-Württemberg E 39.401 Ettlingen
13%
Schleswig-Holstein E 16.960 Eutin
13%
Sachsen G 28.149 Grimma
13%
Nordrhein-Westfalen H 47.544 Hennef (Sieg)
13%
Hessen H 39.905 Hofheim am Taunus
13%
Bayern H 5.097 Hofheim i. UFr.
13%
Nordrhein-Westfalen H 17.245 Horn-Bad Meinberg
13%
Bayern I 17.559 Illertissen
13%
Nordrhein-Westfalen K 37.635 Kamp-Lintfort
13%
Nordrhein-Westfalen K 34.537 Kempen
13%
Bayern K 22.141 Kitzingen
13%
Brandenburg L 26.936 Ludwigsfelde
13%
Nordrhein-Westfalen M 56.479 Meerbusch
13%
Niedersachsen M 46.753 Melle
13%
Bayern M 11.466 Miesbach
13%
Bayern M 20.962 Mühldorf a. Inn
13%
Nordrhein-Westfalen P 54.636 Pulheim
13%
Sachsen R 18.597 Radeberg
13%
Sachsen R 7.268 Radeburg
13%
Nordrhein-Westfalen S 56.377 Stolberg (Rhld.)
13%
Sachsen T 19.768 Torgau
13%
Baden-Württemberg Ü 22.713 Überlingen
13%
Baden-Württemberg V 29.307 Vaihingen an der Enz
13%
Schleswig-Holstein W 33.935 Wedel
13%
Brandenburg W 26.662 Werder (Havel)
13%
Nordrhein-Westfalen W 29.588 Werne
13%
Sachsen-Anhalt Z 27.187 Zeitz
13%
Thüringen A 22.209 Apolda
12%
Sachsen-Anhalt A 26.737 Aschersleben
12%
Nordrhein-Westfalen B 25.759 Bad Honnef
12%
Hessen B 32.493 Bad Nauheim
12%
Bayern B 18.530 Bad Reichenhall
12%
Hessen B 27.915 Baunatal
12%
Hessen B 40.791 Bensheim
12%
Sachsen-Anhalt B 32.257 Bernburg (Saale)
12%
Rheinland-Pfalz B 7.034 Birkenfeld
12%
Baden-Württemberg B 28.889 Bühl
12%
Hessen D 41.996 Dreieich
12%
Nordrhein-Westfalen E 43.275 Erkelenz
12%
Nordrhein-Westfalen G 27.518 Geilenkirchen
12%
Thüringen H 11.674 Hildburghausen
12%
Niedersachsen L 44.154 Lehrte
12%
Nordrhein-Westfalen L 25.573 Lübbecke
12%
Bayern M 9.288 Miltenberg
12%
Thüringen N 8.808 Neuhaus am Rennweg
12%
Bayern N 20.674 Nördlingen
12%
Hessen O 46.678 Oberursel (Taunus)
12%
Niedersachsen O 30.366 Osterholz-Scharmbeck
12%
Brandenburg P 18.849 Prenzlau
12%
Brandenburg R 24.179 Rathenow
12%
Hessen R 9.970 Rüdesheim am Rhein
12%
Thüringen R 24.672 Rudolstadt
12%
Mecklenburg-Vorpommern S 9.191 Sassnitz
12%
Thüringen S 9.479 Steinbach-Hallenberg
12%
Sachsen W 3.067 Weißenberg (Wóspork)
12%
Bayern W 18.578 Weißenburg i. Bay.
12%
Nordrhein-Westfalen W 30.702 Werl
12%
Nordrhein-Westfalen W 50.283 Willich
12%
Baden-Württemberg W 28.334 Winnenden
12%
Rheinland-Pfalz W 19.222 Wittlich
12%
Niedersachsen W 20.405 Wittmund
12%
Thüringen A 27.072 Arnstadt
11%
Mecklenburg-Vorpommern B 12.755 Bad Doberan
11%
Rheinland-Pfalz B 9.801 Bad Ems
11%
Schleswig-Holstein B 20.240 Bad Schwartau
11%
Nordrhein-Westfalen B 48.348 Bornheim
11%
Nordrhein-Westfalen B 25.336 Brilon
11%
Schleswig-Holstein B 12.364 Brunsbüttel
11%
Baden-Württemberg B 17.773 Buchen (Odenwald)
11%
Sachsen C 20.694 Coswig
11%
Sachsen-Anhalt C 11.521 Coswig (Anhalt)
11%
Sachsen D 24.755 Delitzsch
11%
Nordrhein-Westfalen E 43.878 Erkrath
11%
Baden-Württemberg F 45.430 Fellbach
11%
Bayern F 7.135 Freyung
11%
Bayern G 17.192 Garching b. München
11%
Schleswig-Holstein G 31.160 Geesthacht
11%
Baden-Württemberg G 5.875 Geislingen
11%
Baden-Württemberg G 28.400 Geislingen an der Steige
11%
Nordrhein-Westfalen G 33.760 Geldern
11%
Rheinland-Pfalz G 7.721 Gerolstein
11%
Niedersachsen H 23.504 Hann. Münden
11%
Brandenburg H 26.380 Hohen Neuendorf
11%
Bayern K 16.744 Kelheim
11%
Baden-Württemberg L 11.838 Lauffen am Neckar
11%
Sachsen L 8.524 Lauter-Bernsbach
11%
Baden-Württemberg L 40.161 Leinfelden-Echterdingen
11%
Hessen L 13.111 Linden
11%
Brandenburg L 14.036 Lübben (Spreewald) (Lubin (Błota))
11%
Brandenburg L 20.586 Luckenwalde
11%
Rheinland-Pfalz M 14.213 Montabaur
11%
Brandenburg N 18.540 Nauen
11%
Baden-Württemberg N 8.308 Neuenbürg
11%
Baden-Württemberg N 12.339 Neuenburg am Rhein
11%
Niedersachsen N 6.032 Norderney
11%
Schleswig-Holstein Q 21.659 Quickborn
11%
Schleswig-Holstein R 14.517 Ratzeburg
11%
Baden-Württemberg R 32.919 Rheinfelden (Baden)
11%
Niedersachsen R 25.487 Rinteln
11%
Hessen R 46.005 Rodgau
11%
Rheinland-Pfalz S 7.489 Saarburg
11%
Nordrhein-Westfalen S 28.590 Schwelm
11%
Brandenburg S 26.939 Strausberg
11%
Baden-Württemberg T 13.234 Tauberbischofsheim
11%
Mecklenburg-Vorpommern U 1.747 Usedom
11%
Baden-Württemberg W 15.545 Walldorf
11%
Baden-Württemberg W 26.927 Wangen im Allgäu
11%
Nordrhein-Westfalen W 22.928 Warburg
11%
Niedersachsen W 35.332 Winsen (Luhe)
11%
Bayern W 4.896 Wörth a.d. Donau
11%
Bayern W 4.772 Wörth a. Main
11%
Rheinland-Pfalz W 18.217 Wörth am Rhein
11%
Bayern W 9.155 Wunsiedel
11%
Baden-Württemberg A 25.615 Achern
10%
Bayern A 21.488 Aichach
10%
Nordrhein-Westfalen A 16.527 Altena
10%
Niedersachsen B 15.770 Bad Bentheim
10%
Baden-Württemberg B 24.034 Bad Mergentheim
10%
Niedersachsen B 19.162 Bad Pyrmont
10%
Sachsen B 3.511 Bad Schandau
10%
Hessen B 34.714 Bad Vilbel
10%
Rheinland-Pfalz B 15.369 Boppard
10%
Niedersachsen B 14.824 Brake (Unterweser)
10%
Nordrhein-Westfalen B 45.376 Bünde
10%
Hessen B 26.476 Butzbach
10%
Rheinland-Pfalz D 8.001 Daun
10%
Hessen D 15.537 Dieburg
10%
Nordrhein-Westfalen E 36.068 Emsdetten
10%
Baden-Württemberg E 13.728 Erbach
10%
Hessen E 13.813 Erbach
10%
Brandenburg F 15.968 Finsterwalde
10%
Hessen F 17.678 Frankenberg (Eder)
10%
Sachsen F 13.784 Frankenberg/Sa.
10%
Bayern F 17.289 Freilassing
10%
Bayern G 40.511 Germering
10%
Schleswig-Holstein G 10.779 Glückstadt
10%
Brandenburg H 26.559 Hennigsdorf
10%
Bayern H 23.616 Herzogenaurach
10%
Hessen H 12.443 Hessisch Lichtenau
10%
Hessen H 13.926 Homberg (Efze)
10%
Hessen H 7.413 Homberg (Ohm)
10%
Baden-Württemberg H 25.092 Horb am Neckar
10%
Hessen I 25.241 Idstein
10%
Baden-Württemberg I 14.321 Isny im Allgäu
10%
Nordrhein-Westfalen K 43.615 Kaarst
10%
Baden-Württemberg K 33.743 Kornwestheim
10%
Mecklenburg-Vorpommern L 6.477 Laage
10%
Hessen L 13.831 Lorsch
10%
Brandenburg L 15.969 Lübbenau/Spreewald (Lubnjow/Błota)
10%
Niedersachsen L 9.435 Lüchow (Wendland)
10%
Nordrhein-Westfalen M 29.696 Meschede
10%
Baden-Württemberg M 22.117 Metzingen
10%
Schleswig-Holstein M 19.282 Mölln
10%
Baden-Württemberg M 23.425 Mosbach
10%
Hessen N 38.204 Neu-Isenburg
10%
Sachsen N 3.264 Neusalza-Spremberg
10%
Baden-Württemberg O 39.431 Ostfildern
10%
Sachsen-Anhalt S 25.703 Sangerhausen
10%
Baden-Württemberg S 39.785 Schorndorf
10%
Baden-Württemberg S 21.577 Schwetzingen
10%
Bayern S 22.587 Senden
10%
Hessen S 10.678 Steinbach (Taunus)
10%
Hessen T 30.068 Taunusstein
10%
Bayern T 8.623 Tirschenreuth
10%
Nordrhein-Westfalen W 24.520 Warstein
10%
Baden-Württemberg W 22.879 Wertheim
10%
Niedersachsen W 41.480 Wunstorf
10%
Nordrhein-Westfalen W 38.496 Würselen
10%
Schleswig-Holstein W 4.280 Wyk auf Föhr
10%
Hessen A 15.941 Alsfeld
9%
Nordrhein-Westfalen B 17.387 Bad Münstereifel
9%
Hessen B 22.871 Bad Soden am Taunus
9%
Hessen B 13.566 Bad Soden-Salmünster
9%
Hessen B 8.460 Bad Sooden-Allendorf
9%
Hessen B 13.855 Bebra
9%
Nordrhein-Westfalen B 36.637 Beckum
9%
Baden-Württemberg B 12.434 Blaubeuren
9%
Baden-Württemberg B 29.538 Bretten
9%
Niedersachsen B 30.899 Burgdorf
9%
Hessen D 23.261 Dillenburg
9%
Baden-Württemberg E 26.398 Ehingen (Donau)
9%
Hessen E 19.365 Eschwege
9%
Brandenburg F 17.691 Forst (Lausitz) (Baršć (Łužyca))
9%
Hessen F 14.805 Fritzlar
9%
Schleswig-Holstein G 6.220 Glücksburg (Ostsee)
9%
Nordrhein-Westfalen G 34.531 Goch
9%
Brandenburg G 16.656 Guben
9%
Baden-Württemberg H 31.818 Herrenberg
9%
Sachsen-Anhalt J 6.787 Jerichow
9%
Brandenburg J 12.423 Jüterbog
9%
Rheinland-Pfalz K 8.446 Kirchen (Sieg)
9%
Rheinland-Pfalz K 18.244 Konz
9%
Hessen K 23.438 Korbach
9%
Niedersachsen L 41.854 Laatzen
9%
Rheinland-Pfalz L 18.030 Lahnstein
9%
Baden-Württemberg L 26.862 Leimen
9%
Baden-Württemberg L 5.037 Lichtenau
9%
Nordrhein-Westfalen L 10.551 Lichtenau
9%
Sachsen L 23.711 Limbach-Oberfrohna
9%
Hessen M 39.307 Maintal
9%
Sachsen M 24.664 Markkleeberg
9%
Baden-Württemberg M 6.050 Meersburg
9%
Nordrhein-Westfalen M 11.686 Monschau
9%
Nordrhein-Westfalen N 42.438 Nettetal
9%
Schleswig-Holstein N 10.089 Niebüll
9%
Bayern O 27.930 Olching
9%
Sachsen-Anhalt O 19.396 Oschersleben (Bode)
9%
Mecklenburg-Vorpommern P 9.948 Pasewalk
9%
Rheinland-Pfalz P 5.529 Prüm
9%
Nordrhein-Westfalen R 30.933 Rheinberg
9%
Mecklenburg-Vorpommern R 15.269 Ribnitz-Damgarten
9%
Brandenburg S 23.371 Senftenberg (Zły Komorow)
9%
Thüringen S 21.034 Sondershausen
9%
Brandenburg S 21.749 Spremberg (Grodk)
9%
Brandenburg T 15.636 Templin
9%
Baden-Württemberg T 19.589 Tettnang
9%
Hessen V 34.281 Viernheim
9%
Saarland W 15.667 Wadern
9%
Hessen W 6.743 Waldeck
9%
Baden-Württemberg W 25.158 Weingarten
9%
Baden-Württemberg W 26.916 Weinstadt
9%
Sachsen W 15.640 Weißwasser/O.L. (Běła Woda)
9%
Nordrhein-Westfalen W 34.597 Wermelskirchen
9%
Bayern W 19.091 Wolfratshausen
9%
Mecklenburg-Vorpommern W 11.840 Wolgast
9%
Nordrhein-Westfalen A 47.330 Alsdorf
8%
Bayern A 18.525 Alzenau
8%
Brandenburg A 13.637 Angermünde
8%
Bayern A 8.717 Auerbach i.d. OPf.
8%
Sachsen A 18.048 Auerbach/Vogtl.
8%
Niedersachsen B 21.820 Bad Harzburg
8%
Sachsen-Anhalt B 19.374 Blankenburg (Harz)
8%
Saarland B 20.287 Blieskastel
8%
Niedersachsen B 31.225 Bramsche
8%
Sachsen C 18.167 Crimmitschau
8%
Niedersachsen D 8.117 Dannenberg (Elbe)
8%
Nordrhein-Westfalen D 32.039 Delbrück
8%
Mecklenburg-Vorpommern D 10.523 Demmin
8%
Bayern D 11.882 Dinkelsbühl
8%
Sachsen D 23.467 Döbeln
8%
Baden-Württemberg E 24.477 Ellwangen (Jagst)
8%
Baden-Württemberg F 3.738 Freudenberg
8%
Nordrhein-Westfalen F 17.729 Freudenberg
8%
Baden-Württemberg G 29.932 Gaggenau
8%
Nordrhein-Westfalen G 30.733 Gevelsberg
8%
Sachsen G 21.965 Glauchau
8%
Bayern G 8.167 Grafenau
8%
Bayern G 16.665 Gunzenhausen
8%
Mecklenburg-Vorpommern H 12.245 Hagenow
8%
Bayern H 13.593 Haßfurt
8%
Thüringen H 16.911 Heilbad Heiligenstadt
8%
Nordrhein-Westfalen H 22.653 Herdecke
8%
Bayern I 14.312 Immenstadt i. Allgäu
8%
Schleswig-Holstein K 22.877 Kaltenkirchen
8%
Sachsen K 16.998 Kamenz (Kamjenc; incl. Schönteichen)
8%
Schleswig-Holstein K 8.609 Kappeln
8%
Nordrhein-Westfalen K 27.955 Kevelaer
8%
Sachsen K 8.166 Kirchberg
8%
Baden-Württemberg K 4.389 Kirchberg an der Jagst
8%
Rheinland-Pfalz K 3.984 Kirchberg (Hunsrück)
8%
Hessen K 16.608 Königstein im Taunus
8%
Sachsen K 2.104 Königstein/Sächs. Schw.
8%
Mecklenburg-Vorpommern K 7.930 Kühlungsborn
8%
Nordrhein-Westfalen L 34.885 Lage
8%
Rheinland-Pfalz L 6.209 Linz am Rhein
8%
Baden-Württemberg L 10.953 Lorch
8%
Hessen L 3.744 Lorch
8%
Baden-Württemberg M 15.833 Marbach am Neckar
8%
Hessen M 13.797 Melsungen
8%
Thüringen O 1.626 Oberhof
8%
Hessen O 11.873 Oestrich-Winkel
8%
Sachsen O 13.917 Oschatz
8%
Baden-Württemberg P 14.490 Plochingen
8%
Niedersachsen Q 13.546 Quakenbrück
8%
Sachsen-Anhalt Q 10.454 Querfurt
8%
Schleswig-Holstein R 28.250 Reinbek
8%
Nordrhein-Westfalen R 26.949 Rheinbach
8%
Rheinland-Pfalz S 20.432 Schifferstadt
8%
Sachsen S 18.287 Schkeuditz
8%
Nordrhein-Westfalen S 25.802 Selm
8%
Bayern S 21.517 Sonthofen
8%
Nordrhein-Westfalen S 12.617 Steinheim
8%
Baden-Württemberg S 12.122 Steinheim an der Murr
8%
Bayern U 28.824 Unterschleißheim
8%
Bayern W 12.662 Wasserburg a. Inn
8%
Baden-Württemberg W 26.605 Wiesloch
8%
Sachsen W 16.211 Wurzen
8%
Sachsen-Anhalt Z 9.184 Zahna-Elster
8%
Sachsen-Anhalt Z 21.294 Zerbst/Anhalt
8%
Bayern B 19.097 Bad Aibling
7%
Nordrhein-Westfalen B 18.847 Bad Berleburg
7%
Schleswig-Holstein B 15.128 Bad Bramstedt
7%
Nordrhein-Westfalen B 18.902 Bad Driburg
7%
Baden-Württemberg B 20.783 Bad Krozingen
7%
Bayern B 15.261 Bad Neustadt a.d. Saale
7%
Thüringen B 23.177 Bad Salzungen
7%
Baden-Württemberg B 17.567 Bad Saulgau
7%
Baden-Württemberg B 12.473 Bad Urach
7%
Baden-Württemberg B 10.386 Bad Wildbad
7%
Hessen B 17.287 Bad Wildungen
7%
Schleswig-Holstein B 15.984 Bargteheide
7%
Bayern B 10.085 Bogen
7%
Niedersachsen B 5.763 Braunlage
7%
Niedersachsen B 18.564 Bremervörde
7%
Niedersachsen C 14.844 Clausthal-Zellerfeld
7%
Hessen D 34.429 Dietzenbach
7%
Sachsen E 11.679 Ebersbach-Neugersdorf
7%
Sachsen E 15.662 Eilenburg
7%
Thüringen E 10.704 Eisenberg
7%
Rheinland-Pfalz E 9.335 Eisenberg (Pfalz)
7%
Brandenburg E 11.935 Erkner
7%
Hessen E 21.641 Eschborn
7%
Schleswig-Holstein F 2.666 Friedrichstadt
7%
Brandenburg F 5.782 Fürstenberg/Havel
7%
Sachsen-Anhalt G 22.154 Gardelegen
7%
Rheinland-Pfalz G 6.873 Gau-Algesheim
7%
Niedersachsen G 31.778 Georgsmarienhütte
7%
Rheinland-Pfalz G 13.652 Grünstadt
7%
Hessen H 19.258 Haiger
7%
Nordrhein-Westfalen H 26.962 Hamminkeln
7%
Sachsen H 16.641 Heidenau
7%
Schleswig-Holstein H 9.186 Heiligenhafen
7%
Nordrhein-Westfalen H 26.301 Heiligenhaus
7%
Niedersachsen H 12.799 Herzberg am Harz
7%
Brandenburg H 8.776 Herzberg (Elster)
7%
Nordrhein-Westfalen H 46.225 Herzogenrath
7%
Hessen H 18.143 Hochheim am Main
7%
Bayern H 13.579 Höchstadt a.d. Aisch
7%
Bayern H 6.879 Höchstädt a.d. Donau
7%
Baden-Württemberg K 15.389 Künzelsau
7%
Hessen L 32.660 Lampertheim
7%
Baden-Württemberg L 14.473 Lauda-Königshofen
7%
Bayern L 7.319 Laufen
7%
Nordrhein-Westfalen L 27.885 Leichlingen (Rheinland)
7%
Thüringen L 20.018 Leinefelde-Worbis
7%
Nordrhein-Westfalen L 25.140 Lennestadt
7%
Sachsen-Anhalt L 13.906 Leuna
7%
Baden-Württemberg L 23.030 Leutkirch im Allgäu
7%
Sachsen L 14.347 Löbau
7%
Nordrhein-Westfalen L 30.316 Lohmar
7%
Bayern L 15.016 Lohr a. Main
7%
Sachsen M 16.716 Marienberg
7%
Baden-Württemberg N 22.672 Nagold
7%
Rheinland-Pfalz N 4.559 Nassau
7%
Nordrhein-Westfalen N 38.512 Niederkassel
7%
Niedersachsen N 26.102 Nordenham
7%
Nordrhein-Westfalen O 29.133 Oelde
7%
Brandenburg P 12.035 Perleberg
7%
Hessen P 25.029 Pfungstadt
7%
Nordrhein-Westfalen R 21.963 Radevormwald
7%
Sachsen R 20.198 Reichenbach im Vogtland
7%
Sachsen R 4.915 Reichenbach/O.L.
7%
Bayern R 12.296 Roding
7%
Nordrhein-Westfalen R 28.759 Rösrath
7%
Thüringen S 3.292 Saalburg-Ebersdorf
7%
Rheinland-Pfalz S 2.768 Sankt Goar
7%
Nordrhein-Westfalen S 26.943 Schloß Holte-Stukenbrock
7%
Mecklenburg-Vorpommern S 4.699 Schönberg (incl. Lockwisch)
7%
Sachsen-Anhalt S 30.387 Schönebeck (Elbe)
7%
Bayern S 14.708 Selb
7%
Rheinland-Pfalz S 7.860 Simmern/Hunsrück
7%
Nordrhein-Westfalen S 24.702 Sprockhövel
7%
Niedersachsen S 22.347 Stadthagen
7%
Nordrhein-Westfalen S 27.554 Sundern (Sauerland)
7%
Niedersachsen S 24.261 Syke
7%
Sachsen-Anhalt T 10.299 Tangermünde
7%
Sachsen-Anhalt T 17.148 Thale
7%
Nordrhein-Westfalen T 29.249 Tönisvorst
7%
Mecklenburg-Vorpommern T 8.972 Torgelow
7%
Rheinland-Pfalz T 5.554 Traben-Trarbach
7%
Mecklenburg-Vorpommern U 8.472 Ueckermünde
7%
Niedersachsen V 23.984 Varel
7%
Niedersachsen W 30.220 Walsrode
7%
Nordrhein-Westfalen W 29.472 Waltrop
7%
Hessen W 12.955 Weilburg
7%
Nordrhein-Westfalen W 36.731 Wesseling
7%
Bayern Z 25.748 Zirndorf
7%
Bayern Z 9.179 Zwiesel
7%
Nordrhein-Westfalen A 24.330 Attendorn
6%
Bayern A 1.425 Aub
6%
Baden-Württemberg A 10.177 Aulendorf
6%
Hessen B 15.571 Bad Arolsen
6%
Rheinland-Pfalz B 8.271 Bad Bergzabern
6%
Thüringen B 17.211 Bad Langensalza
6%
Nordrhein-Westfalen B 16.408 Bad Lippspringe
6%
Hessen B 10.295 Bad Orb
6%
Baden-Württemberg B 20.103 Bad Waldsee
6%
Bayern B 16.327 Bad Wörishofen
6%
Niedersachsen B 34.394 Barsinghausen
6%
Mecklenburg-Vorpommern B 8.609 Barth
6%
Nordrhein-Westfalen B 23.743 Bedburg
6%
Brandenburg B 12.818 Beelitz
6%
Saarland B 17.565 Bexbach
6%
Hessen B 13.491 Biedenkopf
6%
Sachsen B 10.788 Bischofswerda
6%
Sachsen B 19.120 Borna
6%
Baden-Württemberg B 15.439 Breisach am Rhein
6%
Niedersachsen B 20.229 Burgwedel
6%
Brandenburg C 7.734 Calau (Kalawa)
6%
Baden-Württemberg D 24.719 Ditzingen
6%
Thüringen D 5.315 Dornburg-Camburg
6%
Niedersachsen D 20.281 Duderstadt
6%
Baden-Württemberg E 14.267 Eberbach
6%
Baden-Württemberg E 15.558 Ebersbach an der Fils
6%
Niedersachsen E 30.449 Einbeck
6%
Brandenburg E 7.800 Elsterwerda
6%
Hessen E 16.946 Eltville am Rhein
6%
Niedersachsen E 7.310 Esens
6%
Brandenburg F 6.317 Falkenberg/Elster
6%
Hessen F 25.528 Friedrichsdorf
6%
Hessen G 23.208 Gelnhausen
6%
Bayern G 10.006 Gemünden a. Main
6%
Hessen G 3.855 Gemünden (Wohra)
6%
Sachsen-Anhalt G 13.582 Genthin
6%
Bayern G 25.380 Geretsried
6%
Sachsen-Anhalt H 19.133 Haldensleben
6%
Nordrhein-Westfalen H 33.863 Hemer
6%
Rheinland-Pfalz H 1.424 Hornbach
6%
Nordrhein-Westfalen H 40.425 Hückelhoven
6%
Sachsen-Anhalt J 14.074 Jessen (Elster)
6%
Nordrhein-Westfalen J 23.516 Jüchen
6%
Bayern K 28.075 Königsbrunn
6%
Nordrhein-Westfalen K 33.484 Korschenbroich
6%
Nordrhein-Westfalen K 30.965 Kreuztal
6%
Baden-Württemberg L 1.882 Langenburg
6%
Baden-Württemberg L 22.579 Laupheim
6%
Hessen L 13.656 Lauterbach (Hessen)
6%
Nordrhein-Westfalen L 24.810 Lüdinghausen
6%
Baden-Württemberg M 5.248 Mahlberg
6%
Mecklenburg-Vorpommern M 6.542 Malchow
6%
Sachsen-Anhalt M 8.517 Mansfeld
6%
Sachsen M 15.824 Markranstädt
6%
Nordrhein-Westfalen M 27.986 Mechernich
6%
Nordrhein-Westfalen M 20.529 Meinerzhagen
6%
Thüringen M 9.881 Meuselwitz
6%
Hessen M 15.970 Michelstadt
6%
Sachsen M 14.356 Mittweida
6%
Baden-Württemberg M 26.093 Mühlacker
6%
Brandenburg M 3.630 Mühlberg/Elbe
6%
Baden-Württemberg N 13.349 Neckargemünd
6%
Baden-Württemberg Ö 24.925 Öhringen
6%
Niedersachsen O 21.392 Osterode am Harz
6%
Saarland O 14.352 Ottweiler
6%
Nordrhein-Westfalen O 27.124 Overath
6%
Bayern P 13.271 Pegnitz
6%
Baden-Württemberg P 13.472 Pfullendorf
6%
Baden-Württemberg P 18.778 Pfullingen
6%
Nordrhein-Westfalen P 24.978 Plettenberg
6%
Brandenburg P 11.870 Pritzwalk
6%
Saarland P 18.318 Püttlingen
6%
Rheinland-Pfalz R 7.981 Ramstein-Miesenbach
6%
Nordrhein-Westfalen R 21.030 Rees
6%
Baden-Württemberg R 26.508 Remseck am Neckar
6%
Bayern S 12.350 Schongau
6%
Hessen S 18.091 Schwalmstadt
6%
Sachsen S 16.168 Schwarzenberg/Erzgeb.
6%
Niedersachsen S 34.260 Seelze
6%
Rheinland-Pfalz S 17.642 Sinzig
6%
Niedersachsen S 29.084 Springe
6%
Sachsen-Anhalt S 24.618 Staßfurt
6%
Baden-Württemberg S 17.116 Stockach
6%
Sachsen T 15.709 Taucha
6%
Bayern T 20.951 Traunreut
6%
Nordrhein-Westfalen V 18.384 Vlotho
6%
Baden-Württemberg W 21.801 Waldkirch
6%
Sachsen-Anhalt W 13.716 Wanzleben-Börde
6%
Hessen W 26.064 Weiterstadt
6%
Brandenburg W 14.007 Wittstock/Dosse
6%
Thüringen Z 12.630 Zella-Mehlis
6%
Brandenburg Z 20.182 Zossen
6%
Nordrhein-Westfalen Z 20.440 Zülpich
6%
Niedersachsen A 18.478 Alfeld (Leine)
5%
Bayern A 15.450 Altdorf b. Nürnberg
5%
Schleswig-Holstein A 280 Arnis
5%
Baden-Württemberg A 13.517 Asperg
5%
Rheinland-Pfalz B 1.878 Bacharach
5%
Brandenburg B 11.096 Bad Belzig
5%
Sachsen-Anhalt B 11.499 Bad Dürrenberg
5%
Thüringen B 10.019 Bad Frankenhausen/Kyffhäuser
5%
Brandenburg B 12.286 Bad Freienwalde (Oder)
5%
Baden-Württemberg B 19.504 Bad Friedrichshall
5%
Hessen B 9.835 Bad König
5%
Sachsen B 3.681 Bad Muskau (Mužakow)
5%
Baden-Württemberg B 21.650 Bad Rappenau
5%
Baden-Württemberg B 17.510 Bad Säckingen
5%
Baden-Württemberg B 7.308 Bad Wimpfen
5%
Bayern B 12.195 Bad Windsheim
5%
Nordrhein-Westfalen B 27.319 Baesweiler
5%
Thüringen B 3.224 Berga/Elster
5%
Mecklenburg-Vorpommern B 10.722 Boizenburg/Elbe
5%
Nordrhein-Westfalen B 16.125 Brakel
5%
Niedersachsen B 19.351 Bückeburg
5%
Hessen B 22.808 Büdingen
5%
Nordrhein-Westfalen B 21.452 Büren
5%
Sachsen B 10.530 Burgstädt
5%
Brandenburg D 4.862 Dahme/Mark
5%
Rheinland-Pfalz D 11.072 Diez
5%
Sachsen D 14.180 Dippoldiswalde
5%
Brandenburg D 8.686 Doberlug-Kirchhain
5%
Baden-Württemberg E 21.243 Eislingen/Fils
5%
Baden-Württemberg E 22.024 Eppingen
5%
Bayern F 12.543 Feuchtwangen
5%
Brandenburg F 2.954 Friedland
5%
Mecklenburg-Vorpommern F 6.403 Friedland
5%
Saarland F 9.999 Friedrichsthal
5%
Baden-Württemberg F 8.960 Furtwangen im Schwarzwald
5%
Baden-Württemberg G 19.784 Gerlingen
5%
Nordrhein-Westfalen G 21.422 Geseke
5%
Baden-Württemberg G 19.711 Giengen an der Brenz
5%
Schleswig-Holstein G 18.380 Glinde
5%
Mecklenburg-Vorpommern G 10.439 Grevesmühlen
5%
Hessen G 27.703 Griesheim
5%
Mecklenburg-Vorpommern G 9.369 Grimmen
5%
Sachsen G 18.062 Großenhain
5%
Bayern H 10.906 Hammelburg
5%
Niedersachsen H 24.047 Haren (Ems)
5%
Nordrhein-Westfalen H 25.338 Harsewinkel
5%
Hessen H 27.747 Hattersheim am Main
5%
Sachsen-Anhalt H 6.436 Havelberg
5%
Baden-Württemberg H 19.126 Hechingen
5%
Hessen H 20.473 Herborn
5%
Rheinland-Pfalz H 6.688 Hermeskeil
5%
Sachsen H 14.310 Hohenstein-Ernstthal
5%
Sachsen-Anhalt K 7.498 Kalbe (Milde)
5%
Bayern K 14.930 Karlstadt
5%
Hessen K 29.162 Kelkheim (Taunus)
5%
Hessen K 16.983 Kelsterbach
5%
Rheinland-Pfalz K 7.918 Kirchheimbolanden
5%
Bayern K 3.634 Königsberg i. Bay.
5%
Hessen K 18.242 Kronberg im Taunus
5%
Baden-Württemberg L 11.880 Ladenburg
5%
Rheinland-Pfalz L 8.350 Landstuhl
5%
Saarland L 18.828 Lebach
5%
Nordrhein-Westfalen L 22.511 Lengerich
5%
Bayern L 1.029 Lichtenberg
5%
Bayern L 11.512 Lindenberg i. Allgäu
5%
Mecklenburg-Vorpommern L 6.204 Lübz
5%
Bayern M 15.106 Mainburg
5%
Mecklenburg-Vorpommern M 7.341 Malchin (incl. Duckow)
5%
Bayern M 17.049 Marktredwitz
5%
Nordrhein-Westfalen M 19.488 Marsberg
5%
Nordrhein-Westfalen M 24.741 Meckenheim
5%
Sachsen M 13.934 Meerane
5%
Bayern M 15.247 Mindelheim
5%
Niedersachsen N 10.228 Neuenhaus
5%
Baden-Württemberg N 10.214 Neuenstadt am Kocher
5%
Bayern N 8.852 Neuötting
5%
Hessen N 17.314 Nidda
5%
Rheinland-Pfalz N 10.208 Nieder-Olm
5%
Sachsen N 9.198 Niesky
5%
Sachsen N 10.510 Nossen
5%
Sachsen O 2.055 Oberwiesenthal
5%
Rheinland-Pfalz O 7.582 Oppenheim
5%
Nordrhein-Westfalen P 25.045 Petershagen
5%
Bayern P 12.948 Plattling
5%
Thüringen P 11.697 Pößneck
5%
Schleswig-Holstein P 15.958 Preetz
5%
Nordrhein-Westfalen R 19.319 Rhede
5%
Brandenburg R 7.948 Rheinsberg
5%
Hessen R 24.004 Riedstadt
5%
Nordrhein-Westfalen R 29.432 Rietberg
5%
Hessen R 28.344 Rödermark
5%
Rheinland-Pfalz S 1.268 Sankt Goarshausen
5%
Thüringen S 8.832 Schleiz
5%
Nordrhein-Westfalen S 24.806 Schmallenberg
5%
Thüringen S 13.604 Schmölln
5%
Baden-Württemberg S 4.427 Schönau
5%
Baden-Württemberg S 2.425 Schönau im Schwarzwald
5%
Bayern S 17.381 Schrobenhausen
5%
Hessen S 15.372 Schwalbach am Taunus
5%
Schleswig-Holstein S 16.560 Schwarzenbek
5%
Sachsen S 9.365 Sebnitz
5%
Hessen S 21.226 Seligenstadt
5%
Hessen S 21.263 Stadtallendorf
5%
Baden-Württemberg S 8.182 Staufen im Breisgau
5%
Thüringen S 3.762 Steinach
5%
Hessen S 10.192 Steinau an der Straße
5%
Mecklenburg-Vorpommern S 4.120 Sternberg
5%
Baden-Württemberg S 13.035 St. Georgen im Schwarzwald
5%
Nordrhein-Westfalen S 16.248 Straelen
5%
Sachsen-Anhalt T 10.612 Tangerhütte
5%
Hessen T 4.382 Tann (Rhön)
5%
Nordrhein-Westfalen T 9.138 Tecklenburg
5%
Bayern T 3.652 Tegernsee
5%
Nordrhein-Westfalen T 19.841 Telgte
5%
Mecklenburg-Vorpommern T 8.334 Teterow
5%
Bayern T 13.099 Treuchtlingen
5%
Sachsen T 7.790 Treuen
5%
Schleswig-Holstein U 18.595 Uetersen
5%
Bayern V 12.231 Vilsbiburg
5%
Nordrhein-Westfalen V 22.676 Vreden
5%
Nordrhein-Westfalen W 28.130 Wegberg
5%
Baden-Württemberg W 16.173 Wendlingen am Neckar
5%
Niedersachsen W 23.232 Westerstede
5%
Brandenburg W 10.633 Wildau
5%
Nordrhein-Westfalen W 20.875 Wipperfürth
5%
Rheinland-Pfalz W 8.253 Wissen
5%
Nordrhein-Westfalen W 21.003 Wülfrath
5%
Thüringen Z 16.194 Zeulenroda-Triebes
5%
Sachsen Z 9.024 Zschopau
5%
Rheinland-Pfalz A 2.955 Adenau
4%
Sachsen-Anhalt A 7.417 Aken (Elbe)
4%
Mecklenburg-Vorpommern A 5.221 Altentreptow
4%
Thüringen A 4.705 Amt Creuzburg
4%
Thüringen B 7.520 Bad Berka
4%
Niedersachsen B 9.237 Bad Bevensen
4%
Rheinland-Pfalz B 9.530 Bad Breisig
4%
Hessen B 14.184 Bad Camberg
4%
Baden-Württemberg B 13.414 Bad Dürrheim
4%
Niedersachsen B 12.174 Bad Fallingbostel
4%
Niedersachsen B 9.492 Bad Gandersheim
4%
Baden-Württemberg B 8.085 Bad Herrenalb
4%
Niedersachsen B 10.540 Bad Iburg
4%
Nordrhein-Westfalen B 13.412 Bad Laasphe
4%
Sachsen B 8.087 Bad Lausick
4%
Niedersachsen B 10.294 Bad Lauterberg im Harz
4%
Brandenburg B 9.224 Bad Liebenwerda
4%
Thüringen B 5.843 Bad Lobenstein
4%
Niedersachsen B 11.279 Bad Nenndorf
4%
Baden-Württemberg B 8.853 Bad Schussenried
4%
Hessen B 11.207 Bad Schwalbach
4%
Rheinland-Pfalz B 6.468 Bad Sobernheim
4%
Bayern B 10.474 Bad Staffelstein
4%
Baden-Württemberg B 14.782 Bad Wurzach
4%
Schleswig-Holstein B 10.428 Barmstedt
4%
Niedersachsen B 16.072 Bassum
4%
Brandenburg B 8.070 Beeskow
4%
Rheinland-Pfalz B 16.893 Bendorf
4%
Nordrhein-Westfalen B 13.064 Beverungen
4%
Nordrhein-Westfalen B 11.538 Billerbeck
4%
Baden-Württemberg B 16.303 Blaustein
4%
Bayern B 17.628 Bobingen
4%
Baden-Württemberg B 6.718 Boxberg
4%
Sachsen B 9.638 Brandis
4%
Hessen B 11.007 Braunfels
4%
Schleswig-Holstein B 5.633 Bredstedt
4%
Brandenburg B 3.945 Brück
4%
Nordrhein-Westfalen B 18.527 Burscheid
4%
Hessen B 16.492 Bürstadt
4%
Mecklenburg-Vorpommern B 7.829 Bützow
4%
Sachsen-Anhalt C 8.299 Calbe (Saale)
4%
Sachsen C 8.374 Colditz
4%
Baden-Württemberg C 4.631 Creglingen
4%
Mecklenburg-Vorpommern C 4.780 Crivitz
4%
Niedersachsen D 17.250 Damme
4%
Niedersachsen D 13.158 Dinklage
4%
Bayern D 14.790 Dorfen
4%
Nordrhein-Westfalen D 15.540 Drensteinfurt
4%
Nordrhein-Westfalen D 11.640 Drolshagen
4%
Bayern E 13.817 Eggenfelden
4%
Nordrhein-Westfalen E 21.745 Elsdorf
4%
Baden-Württemberg E 10.227 Endingen am Kaiserstuhl
4%
Baden-Württemberg E 10.942 Engen
4%
Nordrhein-Westfalen E 20.469 Enger
4%
Nordrhein-Westfalen E 16.117 Erwitte
4%
Sachsen-Anhalt F 5.269 Falkenstein/Harz
4%
Sachsen F 7.888 Falkenstein/Vogtl.
4%
Sachsen F 10.607 Flöha
4%
Hessen F 21.695 Flörsheim am Main
4%
Sachsen-Anhalt F 4.578 Freyburg (Unstrut)
4%
Niedersachsen F 22.512 Friesoythe
4%
Nordrhein-Westfalen F 20.566 Fröndenberg/Ruhr
4%
Niedersachsen F 9.520 Fürstenau
4%
Baden-Württemberg G 14.147 Gernsbach
4%
Hessen G 10.640 Gernsheim
4%
Nordrhein-Westfalen G 17.246 Gescher
4%
Hessen G 16.843 Ginsheim-Gustavsburg
4%
Sachsen G 6.730 Glashütte
4%
Mecklenburg-Vorpommern G 3.392 Goldberg
4%
Sachsen-Anhalt G 10.484 Gommern
4%
Sachsen-Anhalt G 11.467 Gräfenhainichen
4%
Bayern G 13.805 Grafing b. München
4%
Hessen G 21.234 Groß-Umstadt
4%
Hessen G 13.706 Grünberg
4%
Bayern H 8.699 Hallstadt
4%
Sachsen-Anhalt H 7.621 Harzgerode
4%
Thüringen H 8.038 Hermsdorf
4%
Bayern H 12.459 Hersbruck
4%
Sachsen-Anhalt H 13.758 Hettstedt
4%
Hessen H 15.243 Hofgeismar
4%
Sachsen-Anhalt I 9.558 Ilsenburg (Harz)
4%
Mecklenburg-Vorpommern J 2.941 Jarmen
4%
Sachsen J 3.879 Johanngeorgenstadt
4%
Nordrhein-Westfalen K 13.944 Kalkar
4%
Rheinland-Pfalz K 8.990 Kandel
4%
Hessen K 22.562 Karben
4%
Rheinland-Pfalz K 5.519 Kastellaun
4%
Schleswig-Holstein K 8.144 Kellinghusen
4%
Rheinland-Pfalz K 8.241 Kirn
4%
Sachsen K 8.035 Klingenthal
4%
Thüringen K 7.307 Königsee
4%
Niedersachsen K 15.790 Königslutter am Elm
4%
Baden-Württemberg K 19.639 Korntal-Münchingen
4%
Bayern K 13.568 Krumbach (Schwaben)
4%
Baden-Württemberg L 15.470 Langenau
4%
Brandenburg L 14.070 Lauchhammer
4%
Sachsen L 11.087 Lichtenstein/Sa.
4%
Thüringen L 3.606 Lucka
4%
Baden-Württemberg M 14.156 Markdorf
4%
Bayern M 18.683 Marktoberdorf
4%
Schleswig-Holstein M 5.947 Marne
4%
Baden-Württemberg M 6.632 Maulbronn
4%
Schleswig-Holstein M 7.248 Meldorf
4%
Sachsen-Anhalt M 12.935 Möckern
4%
Bayern M 18.893 Moosburg a.d. Isar
4%
Baden-Württemberg M 20.494 Mössingen
4%
Baden-Württemberg M 14.480 Münsingen
4%
Nordrhein-Westfalen N 23.033 Netphen
4%
Rheinland-Pfalz N 8.441 Nierstein
4%
Baden-Württemberg O 14.246 Oberndorf am Neckar
4%
Hessen O 24.977 Obertshausen
4%
Bayern O 11.248 Ochsenfurt
4%
Nordrhein-Westfalen O 19.673 Ochtrup
4%
Sachsen O 10.983 Oelsnitz/Erzgeb.
4%
Sachsen O 10.045 Oelsnitz/Vogtl.
4%
Thüringen O 9.652 Ohrdruf
4%
Sachsen-Anhalt O 9.617 Osterburg (Altmark)
4%
Bayern O 3.290 Ostheim v.d. Rhön
4%
Bayern P 13.005 Pfarrkirchen
4%
Baden-Württemberg P 13.723 Philippsburg
4%
Nordrhein-Westfalen P 12.236 Preußisch Oldendorf
4%
Mecklenburg-Vorpommern P 4.487 Putbus
4%
Baden-Württemberg R 11.322 Rheinau
4%
Baden-Württemberg R 20.178 Rheinstetten
4%
Rheinland-Pfalz R 2.982 Rhens
4%
Baden-Württemberg R 10.670 Riedlingen
4%
Thüringen R 4.953 Ronneburg
4%
Thüringen R 5.406 Ruhla
4%
Nordrhein-Westfalen S 25.013 Salzkotten
4%
Schleswig-Holstein S 19.368 Schenefeld
4%
Hessen S 9.666 Schlitz
4%
Hessen S 15.847 Schlüchtern
4%
Sachsen S 13.790 Schneeberg
4%
Baden-Württemberg S 21.059 Schramberg
4%
Rheinland-Pfalz S 7.866 Schweich
4%
Niedersachsen S 19.111 Seesen
4%
Nordrhein-Westfalen S 13.289 Sendenhorst
4%
Nordrhein-Westfalen S 20.290 Stadtlohn
4%
Thüringen S 6.590 Stadtroda
4%
Baden-Württemberg S 24.897 Stutensee
4%
Baden-Württemberg S 10.155 Süßen
4%
Sachsen T 5.416 Tharandt
4%
Baden-Württemberg T 4.823 Todtnau
4%
Schleswig-Holstein T 4.952 Tönning
4%
Schleswig-Holstein T 14.131 Tornesch
4%
Niedersachsen T 12.423 Twistringen
4%
Nordrhein-Westfalen Ü 23.906 Übach-Palenberg
4%
Hessen U 14.722 Usingen
4%
Niedersachsen U 14.068 Uslar
4%
Brandenburg V 12.296 Velten
4%
Bayern V 16.950 Vilshofen an der Donau
4%
Baden-Württemberg W 3.025 Waldenburg
4%
Sachsen W 4.059 Waldenburg
4%
Bayern W 23.604 Waldkraiburg
4%
Sachsen W 20.471 Werdau
4%
Nordrhein-Westfalen W 17.660 Werdohl
4%
Baden-Württemberg W 12.275 Wernau (Neckar)
4%
Nordrhein-Westfalen W 11.091 Werther (Westf.)
4%
Nordrhein-Westfalen W 25.199 Wiehl
4%
Sachsen W 14.444 Wilsdruff
4%
Hessen W 15.003 Witzenhausen
4%
Sachsen-Anhalt W 11.376 Wolmirstedt
4%
Bayern Z 5.617 Zeil a. Main
4%
Niedersachsen Z 13.876 Zeven
4%
Sachsen Z 9.273 Zwenkau
4%
Sachsen Z 11.861 Zwönitz
4%
Bayern A 14.192 Abensberg
3%
Baden-Württemberg A 5.099 Adelsheim
3%
Sachsen A 4.841 Adorf/Vogtl.
3%
Baden-Württemberg A 9.916 Aichtal
3%
Hessen A 4.034 Allendorf (Lumda)
3%
Baden-Württemberg A 6.251 Alpirsbach
3%
Baden-Württemberg A 10.781 Altensteig
3%
Bayern A 3.947 Amorbach
3%
Sachsen-Anhalt A 6.748 Arendsee (Altmark)
3%
Bayern A 8.158 Arnstein
3%
Sachsen-Anhalt A 6.502 Arnstein
3%
Thüringen A 6.597 Artern
3%
Hessen A 13.654 Aßlar
3%
Sachsen A 4.508 Augustusburg
3%
Hessen B 16.927 Babenhausen
3%
Bayern B 6.470 Bad Brückenau
3%
Baden-Württemberg B 4.347 Bad Buchau
3%
Sachsen B 7.833 Bad Düben
3%
Sachsen B 3.638 Bad Elster
3%
Hessen B 3.587 Bad Karlshafen
3%
Thüringen B 3.461 Bad Köstritz
3%
Sachsen-Anhalt B 8.781 Bad Lauchstädt
3%
Thüringen B 7.665 Bad Liebenstein
3%
Baden-Württemberg B 9.629 Bad Liebenzell
3%
Niedersachsen B 17.415 Bad Münder am Deister
3%
Niedersachsen B 7.373 Bad Sachsa
3%
Sachsen-Anhalt B 8.883 Ballenstedt
3%
Nordrhein-Westfalen B 11.217 Balve
3%
Nordrhein-Westfalen B 18.502 Bergneustadt
3%
Niedersachsen B 8.722 Bersenbrück
3%
Baden-Württemberg B 12.643 Besigheim
3%
Rheinland-Pfalz B 10.076 Betzdorf
3%
Bayern B 4.783 Bischofsheim i.d. Rhön
3%
Nordrhein-Westfalen B 15.093 Blomberg
3%
Baden-Württemberg B 10.155 Blumberg
3%
Baden-Württemberg B 6.953 Bonndorf im Schwarzwald
3%
Baden-Württemberg B 11.690 Bopfingen
3%
Thüringen B 5.987 Brotterode-Trusetal
3%
Bayern B 13.406 Buchloe
3%
Brandenburg B 1.474 Buckow (Märkische Schweiz)
3%
Schleswig-Holstein B 10.466 Büdelsdorf
3%
Bayern B 10.159 Burgau
3%
Thüringen B 3.047 Bürgel
3%
Baden-Württemberg B 12.241 Burladingen
3%
Sachsen D 4.189 Dahlen
3%
Rheinland-Pfalz D 3.738 Deidesheim
3%
Bayern D 6.150 Dietfurt a.d. Altmühl
3%
Thüringen D 6.834 Dingelstädt
3%
Mecklenburg-Vorpommern D 2.990 Dömitz
3%
Baden-Württemberg D 10.587 Donzdorf
3%
Bayern E 7.230 Ebern
3%
Thüringen E 7.575 Eisfeld
3%
Nordrhein-Westfalen E 19.554 Ennigerloh
3%
Baden-Württemberg E 15.276 Eppelheim
3%
Hessen E 13.620 Eppstein
3%
Bayern E 10.235 Erlenbach a. Main
3%
Nordrhein-Westfalen E 24.676 Espelkamp
3%
Sachsen F 2.733 Frauenstein
3%
Thüringen F 7.164 Friedrichroda
3%
Sachsen F 12.420 Frohburg
3%
Mecklenburg-Vorpommern G 5.461 Gadebusch
3%
Baden-Württemberg G 12.147 Gaildorf
3%
Mecklenburg-Vorpommern G 2.215 Garz/Rügen
3%
Hessen G 11.626 Geisenheim
3%
Sachsen G 6.818 Geithain
3%
Baden-Württemberg G 10.950 Gengenbach
3%
Bayern G 22.602 Gersthofen
3%
Hessen G 12.285 Gladenbach
3%
Mecklenburg-Vorpommern G 5.559 Grabow
3%
Brandenburg G 5.849 Gransee
3%
Bayern G 7.882 Gundelfingen a.d. Donau
3%
Rheinland-Pfalz H 6.175 Hachenburg
3%
Hessen H 12.626 Hadamar
3%
Sachsen H 8.531 Hainichen
3%
Nordrhein-Westfalen H 16.108 Halver
3%
Sachsen H 6.891 Hartha
3%
Niedersachsen H 13.141 Haselünne
3%
Baden-Württemberg H 5.759 Hausach
3%
Nordrhein-Westfalen H 4.312 Heimbach
3%
Baden-Württemberg H 5.320 Heimsheim
3%
Baden-Württemberg H 6.437 Heitersheim
3%
Thüringen H 3.374 Heldburg (incl. Bad Colberg, Hellingen)
3%
Niedersachsen H 18.941 Hemmingen
3%
Baden-Württemberg H 11.706 Hemsbach
3%
Baden-Württemberg H 11.146 Herbolzheim
3%
Baden-Württemberg H 13.051 Herbrechtingen
3%
Niedersachsen H 18.190 Hessisch Oldendorf
3%
Hessen H 18.960 Heusenstamm
3%
Bayern H 13.841 Hilpoltstein
3%
Niedersachsen H 4.973 Hitzacker (Elbe)
3%
Baden-Württemberg H 4.292 Hornberg
3%
Nordrhein-Westfalen H 20.335 Hörstel
3%
Niedersachsen H 3.884 Hoya
3%
Nordrhein-Westfalen H 14.810 Hückeswagen
3%
Hessen H 16.613 Hünfeld
3%
Nordrhein-Westfalen I 10.758 Isselburg
3%
Brandenburg J 3.414 Joachimsthal
3%
Thüringen K 6.756 Kahla
3%
Thüringen K 5.773 Kaltennordheim
3%
Baden-Württemberg K 8.287 Kandern
3%
Rheinland-Pfalz K 850 Kaub
3%
Sachsen-Anhalt K 3.305 Kelbra (Kyffhäuser)
3%
Nordrhein-Westfalen K 16.089 Kierspe
3%
Bayern K 6.234 Klingenberg a. Main
3%
Bayern K 18.534 Kolbermoor
3%
Brandenburg K 9.281 Kyritz
3%
Baden-Württemberg L 11.951 Laichingen
3%
Hessen L 14.184 Langenselbold
3%
Baden-Württemberg L 9.018 Laufenburg (Baden)
3%
Sachsen L 8.211 Lauta
3%
Nordrhein-Westfalen L 12.697 Linnich
3%
Hessen L 10.399 Lollar
3%
Sachsen L 4.807 Lommatzsch
3%
Brandenburg L 9.443 Luckau
3%
Bayern L 3.342 Ludwigsstadt
3%
Schleswig-Holstein L 5.305 Lütjenburg
3%
Baden-Württemberg M 14.902 Markgröningen
3%
Bayern M 5.504 Mellrichstadt
3%
Rheinland-Pfalz M 8.932 Mendig
3%
Baden-Württemberg M 9.876 Mengen
3%
Baden-Württemberg M 8.428 Meßkirch
3%
Baden-Württemberg M 14.026 Murrhardt
3%
Bayern N 6.173 Nabburg
3%
Bayern N 7.590 Naila
3%
Sachsen-Anhalt N 3.044 Nebra (Unstrut)
3%
Hessen N 3.854 Neckarsteinach
3%
Bayern N 8.345 Neunburg vorm Wald
3%
Hessen N 9.917 Niddatal
3%
Baden-Württemberg O 19.944 Oberkirch
3%
Baden-Württemberg O 7.870 Oberkochen
3%
Rheinland-Pfalz O 2.804 Oberwesel
3%
Baden-Württemberg O 8.935 Ochsenhausen
3%
Brandenburg O 2.134 Oderberg
3%
Bayern O 5.205 Oettingen i. Bay.
3%
Nordrhein-Westfalen O 13.014 Olfen
3%
Nordrhein-Westfalen O 14.432 Olsberg
3%
Baden-Württemberg O 6.549 Osterburken
3%
Sachsen-Anhalt O 11.016 Osterwieck
3%
Bayern P 3.924 Pappenheim
3%
Niedersachsen P 14.625 Pattensen
3%
Sachsen P 7.433 Pulsnitz
3%
Sachsen R 4.400 Rabenau
3%
Nordrhein-Westfalen R 15.404 Rahden
3%
Hessen R 16.096 Raunheim
3%
Schleswig-Holstein R 9.042 Reinfeld (Holstein)
3%
Baden-Württemberg R 18.535 Renningen
3%
Mecklenburg-Vorpommern R 4.999 Röbel/Müritz
3%
Rheinland-Pfalz R 6.681 Rodalben
3%
Niedersachsen R 24.403 Ronnenberg
3%
Hessen R 12.863 Rosbach v. d. Höhe
3%
Bayern R 12.370 Röthenbach a.d. Pegnitz
3%
Baden-Württemberg S 19.120 Sachsenheim
3%
Niedersachsen S 19.392 Sarstedt
3%
Nordrhein-Westfalen S 13.191 Schleiden
3%
Niedersachsen S 18.881 Schneverdingen
3%
Niedersachsen S 11.214 Schöningen
3%
Niedersachsen S 20.483 Schortens
3%
Niedersachsen S 12.937 Schüttorf
3%
Bayern S 14.335 Schwabmünchen
3%
Schleswig-Holstein S 13.769 Schwentinental
3%
Sachsen-Anhalt S 4.817 Seehausen (Altmark)
3%
Brandenburg S 5.394 Seelow
3%
Niedersachsen S 23.554 Sehnde
3%
Rheinland-Pfalz S 2.819 Selters (Westerwald)
3%
Bayern S 10.055 Simbach a. Inn
3%
Hessen S 13.641 Solms
3%
Rheinland-Pfalz S 3.624 Speicher
3%
Thüringen S 8.428 Stadtilm
3%
Sachsen S 1.565 Stadt Wehlen
3%
Mecklenburg-Vorpommern S 5.721 Stavenhagen
3%
Baden-Württemberg S 3.982 St. Blasien
3%
Sachsen S 5.564 Stolpen
3%
Mecklenburg-Vorpommern S 4.553 Strasburg (Uckermark)
3%
Niedersachsen S 12.886 Sulingen
3%
Brandenburg T 9.728 Trebbin
3%
Brandenburg T 7.423 Treuenbrietzen
3%
Baden-Württemberg T 4.656 Triberg im Schwarzwald
3%
Baden-Württemberg T 17.023 Trossingen
3%
Baden-Württemberg U 14.479 Uhingen
3%
Rheinland-Pfalz V 8.764 Vallendar
3%
Baden-Württemberg V 4.557 Vellberg
3%
Hessen V 18.224 Vellmar
3%
Nordrhein-Westfalen V 21.697 Versmold
3%
Bayern V 8.446 Viechtach
3%
Bayern V 13.780 Vöhringen
3%
Hessen W 12.719 Wächtersbach
3%
Baden-Württemberg W 21.079 Waghäusel
3%
Nordrhein-Westfalen W 19.599 Waldbröl
3%
Sachsen W 8.845 Waldheim
3%
Baden-Württemberg W 11.601 Walldürn
3%
Thüringen W 12.712 Waltershausen
3%
Thüringen W 5.450 Wasungen
3%
Niedersachsen W 15.822 Weener
3%
Baden-Württemberg W 13.140 Wehr
3%
Thüringen W 8.318 Weida
3%
Baden-Württemberg W 12.446 Weinsberg
3%
Thüringen W 3.634 Weißensee
3%
Schleswig-Holstein W 3.470 Wesselburen
3%
Rheinland-Pfalz W 5.739 Westerburg
3%
Sachsen-Anhalt W 9.821 Wettin-Löbejün
3%
Niedersachsen W 20.454 Wildeshausen
3%
Baden-Württemberg W 5.760 Wolfach
3%
Hessen W 13.074 Wolfhagen
3%
Bayern W 3.119 Wolframs-Eschenbach
3%
Rheinland-Pfalz W 8.012 Wörrstadt
3%
Mecklenburg-Vorpommern Z 5.369 Zarrentin am Schaalsee
3%
Brandenburg Z 13.307 Zehdenick
3%
Sachsen-Anhalt Z 9.123 Zörbig
3%
Hessen Z 7.291 Zwingenberg
3%
Bayern A 5.492 Abenberg
2%
Brandenburg A 9.662 Altlandsberg
2%
Thüringen A 7.100 Am Ettersberg
2%
Hessen A 4.980 Amöneburg
2%
Rheinland-Pfalz A 7.085 Annweiler am Trifels
2%
Sachsen-Anhalt A 1.472 Arneburg
2%
Bayern A 5.057 Arzberg
2%
Thüringen B 6.191 Bad Blankenburg
2%
Sachsen B 5.538 Bad Gottleuba-Berggießhübel
2%
Bayern B 8.994 Bad Griesbach i. Rottal
2%
Rheinland-Pfalz B 5.982 Bad Hönningen
2%
Bayern B 6.045 Bad Königshofen i. Grabfeld
2%
Bayern B 7.381 Bad Kötzting
2%
Rheinland-Pfalz B 6.103 Bad Marienberg (Westerwald)
2%
Bayern B 6.375 Bad Rodach
2%
Niedersachsen B 13.255 Bad Salzdetfurth
2%
Sachsen-Anhalt B 8.129 Bad Schmiedeberg
2%
Thüringen B 7.678 Bad Sulza (incl. Saaleplatte)
2%
Mecklenburg-Vorpommern B 1.731 Bad Sülze
2%
Baden-Württemberg B 3.143 Bad Teinach-Zavelstein
2%
Thüringen B 2.474 Bad Tennstedt
2%
Brandenburg B 2.553 Bad Wilsnack
2%
Nordrhein-Westfalen B 12.206 Bad Wünnenberg
2%
Sachsen-Anhalt B 8.226 Barby
2%
Brandenburg B 4.225 Baruth/Mark
2%
Hessen B 5.391 Battenberg (Eder)
2%
Rheinland-Pfalz B 4.329 Baumholder
2%
Bayern B 9.908 Beilngries
2%
Baden-Württemberg B 6.224 Beilstein
2%
Sachsen B 7.647 Belgern-Schildau
2%
Brandenburg B 6.029 Biesenthal
2%
Sachsen-Anhalt B 8.094 Bismark (Altmark)
2%
Niedersachsen B 9.561 Bleckede
2%
Thüringen B 10.244 Bleicherode
2%
Niedersachsen B 9.780 Bockenem
2%
Sachsen B 6.662 Böhlen
2%
Baden-Württemberg B 8.190 Bönnigheim
2%
Nordrhein-Westfalen B 8.964 Borgholzhausen
2%
Baden-Württemberg B 16.086 Brackenheim
2%
Baden-Württemberg B 5.898 Bräunlingen
2%
Sachsen-Anhalt B 10.426 Braunsbedra
2%
Nordrhein-Westfalen B 8.912 Breckerfeld
2%
Hessen B 20.512 Bruchköbel
2%
Mecklenburg-Vorpommern B 2.587 Brüel
2%
Bayern B 6.399 Burgkunstadt
2%
Bayern B 13.970 Burglengenfeld
2%
Thüringen C 1.058 Clingen
2%
Bayern C 4.994 Creußen
2%
Mecklenburg-Vorpommern D 4.331 Dargun
2%
Niedersachsen D 9.510 Dassel
2%
Mecklenburg-Vorpommern D 4.102 Dassow
2%
Hessen D 5.213 Diemelstadt
2%
Baden-Württemberg D 6.798 Dietenheim
2%
Niedersachsen D 10.242 Dissen am Teutoburger Wald
2%
Sachsen D 6.163 Dohna
2%
Baden-Württemberg D 8.095 Dornstetten
2%
Niedersachsen D 4.424 Dransfeld
2%
Bayern E 6.951 Ebermannstadt
2%
Rheinland-Pfalz E 6.698 Edenkoben
2%
Mecklenburg-Vorpommern E 4.711 Eggesin
2%
Sachsen E 4.638 Ehrenfriedersdorf
2%
Niedersachsen E 9.086 Elsfleth
2%
Bayern E 5.370 Eltmann
2%
Baden-Württemberg E 7.322 Elzach
2%
Niedersachsen E 8.975 Elze
2%
Bayern E 4.237 Eschenbach i.d. OPf.
2%
Baden-Württemberg E 13.500 Ettenheim
2%
Hessen F 10.568 Felsberg
2%
Bayern F 2.203 Fladungen
2%
Hessen F 2.875 Frankenau
2%
Mecklenburg-Vorpommern F 1.364 Franzburg
2%
Rheinland-Pfalz F 4.923 Freinsheim
2%
Baden-Württemberg F 3.111 Fridingen an der Donau
2%
Baden-Württemberg G 6.370 Gammertingen
2%
Schleswig-Holstein G 2.844 Garding
2%
Brandenburg G 2.524 Gartz (Oder)
2%
Niedersachsen G 15.012 Gehrden
2%
Thüringen G 4.760 Geisa
2%
Baden-Württemberg G 6.339 Geisingen
2%
Bayern G 6.847 Gerolzhofen
2%
Hessen G 5.480 Gersfeld (Rhön)
2%
Sachsen G 3.385 Geyer
2%
Mecklenburg-Vorpommern G 2.898 Gnoien
2%
Thüringen G 3.389 Gößnitz
2%
Bayern G 4.177 Gräfenberg
2%
Bayern G 6.419 Grafenwöhr
2%
Hessen G 5.720 Grebenstein
2%
Bayern G 7.135 Greding
2%
Thüringen G 3.403 Greußen
2%
Sachsen G 6.932 Gröditz
2%
Sachsen G 7.579 Groitzsch
2%
Hessen G 6.323 Großalmerode
2%
Baden-Württemberg G 8.507 Großbottwar
2%
Baden-Württemberg G 7.475 Gundelsheim
2%
Baden-Württemberg H 10.775 Haigerloch
2%
Nordrhein-Westfalen H 4.490 Hallenberg
2%
Sachsen H 4.503 Hartenstein
2%
Baden-Württemberg H 7.152 Haslach im Kinzigtal
2%
Bayern H 11.747 Hauzenberg
2%
Brandenburg H 3.277 Havelsee
2%
Bayern H 9.739 Heilsbronn
2%
Niedersachsen H 8.743 Hemmoor
2%
Rheinland-Pfalz H 6.559 Herdorf
2%
Thüringen H 4.727 Heringen/Helme
2%
Hessen H 7.146 Heringen (Werra)
2%
Sachsen H 5.787 Herrnhut
2%
Baden-Württemberg H 1.777 Hettingen
2%
Baden-Württemberg H 9.894 Heubach
2%
Nordrhein-Westfalen H 14.646 Hilchenbach
2%
Bayern H 5.604 Hirschau
2%
Thüringen H 2.099 Hirschberg
2%
Hessen H 3.410 Hirschhorn (Neckar)
2%
Sachsen H 3.262 Hohnstein
2%
Rheinland-Pfalz H 9.303 Höhr-Grenzhausen
2%
Baden-Württemberg H 13.258 Holzgerlingen
2%
Hessen H 12.642 Hungen
2%
Bayern I 9.174 Ichenhausen
2%
Baden-Württemberg I 6.787 Ilshofen
2%
Rheinland-Pfalz K 3.172 Kaisersesch
2%
Baden-Württemberg K 10.394 Kenzingen
2%
Hessen K 16.239 Kirchhain
2%
Sachsen-Anhalt K 9.825 Klötze
2%
Mecklenburg-Vorpommern K 3.082 Klütz
2%
Thüringen K 6.278 Kölleda
2%
Sachsen-Anhalt K 8.241 Könnern
2%
Baden-Württemberg K 14.686 Kraichtal
2%
Mecklenburg-Vorpommern K 3.412 Krakow am See
2%
Thüringen K 3.340 Kranichfeld
2%
Brandenburg K 7.700 Kremmen
2%
Schleswig-Holstein K 2.346 Krempe
2%
Mecklenburg-Vorpommern K 4.789 Kröpelin
2%
Baden-Württemberg K 5.219 Külsheim
2%
Rheinland-Pfalz K 935 Kyllburg
2%
Rheinland-Pfalz L 4.040 Lambrecht (Pfalz)
2%
Mecklenburg-Vorpommern L 1.468 Lassan
2%
Hessen L 9.604 Laubach
2%
Sachsen-Anhalt L 2.796 Laucha an der Unstrut
2%
Baden-Württemberg L 4.715 Lauchheim
2%
Bayern L 11.068 Lauingen (Donau)
2%
Thüringen L 3.214 Lauscha
2%
Rheinland-Pfalz L 1.978 Lauterecken
2%
Brandenburg L 3.144 Lebus
2%
Baden-Württemberg L 11.741 Leingarten
2%
Bayern L 7.326 Leipheim
2%
Sachsen L 8.156 Leisnig
2%
Sachsen L 7.042 Lengenfeld
2%
Brandenburg L 2.075 Lenzen (Elbe)
2%
Hessen L 2.977 Liebenau
2%
Brandenburg L 4.368 Liebenwalde
2%
Brandenburg L 1.371 Lieberose
2%
Sachsen L 1.273 Liebstadt
2%
Hessen L 5.084 Lindenfels
2%
Brandenburg L 3.030 Lindow (Mark)
2%
Baden-Württemberg L 7.649 Löffingen
2%
Mecklenburg-Vorpommern L 4.262 Loitz
2%
Niedersachsen L 13.561 Löningen
2%
Sachsen L 8.074 Lößnitz
2%
Baden-Württemberg L 3.379 Löwenstein
2%
Mecklenburg-Vorpommern L 4.643 Lübtheen
2%
Nordrhein-Westfalen L 9.235 Lügde
2%
Sachsen-Anhalt L 8.458 Lützen
2%
Brandenburg L 3.154 Lychen
2%
Thüringen M 2.019 Magdala
2%
Nordrhein-Westfalen M 4.903 Marienmünster
2%
Sachsen M 7.362 Markneukirchen
2%
Bayern M 11.243 Marktheidenfeld
2%
Mecklenburg-Vorpommern M 4.616 Marlow
2%
Bayern M 11.817 Maxhütte-Haidhof
2%
Nordrhein-Westfalen M 7.987 Medebach
2%
Rheinland-Pfalz M 2.789 Meisenheim
2%
Baden-Württemberg M 10.714 Meßstetten
2%
Brandenburg M 2.111 Meyenburg
2%
Mecklenburg-Vorpommern M 3.883 Mirow
2%
Brandenburg M 9.428 Mittenwalde
2%
Baden-Württemberg M 8.216 Möckmühl
2%
Niedersachsen M 6.941 Moringen
2%
Sachsen M 5.855 Mügeln
2%
Brandenburg M 4.632 Müllrose
2%
Bayern M 10.136 Münchberg
2%
Baden-Württemberg M 5.430 Munderkingen
2%
Rheinland-Pfalz N 4.265 Nastätten
2%
Sachsen N 8.721 Naunhof
2%
Baden-Württemberg N 4.072 Neckarbischofsheim
2%
Hessen N 14.619 Neu-Anspach
2%
Mecklenburg-Vorpommern N 3.937 Neubukow
2%
Nordrhein-Westfalen N 11.772 Neuenrade
2%
Baden-Württemberg N 6.621 Neuenstein
2%
Baden-Württemberg N 6.247 Neuffen
2%
Mecklenburg-Vorpommern N 4.020 Neukloster
2%
Bayern N 22.482 Neusäß
2%
Bayern N 14.018 Neutraubling
2%
Hessen N 20.556 Nidderau
2%
Nordrhein-Westfalen N 10.155 Nideggen
2%
Baden-Württemberg N 4.800 Niederstetten
2%
Nordrhein-Westfalen N 6.026 Nieheim
2%
Schleswig-Holstein N 6.912 Nortorf
2%
Bayern O 17.737 Oberasbach
2%
Sachsen-Anhalt O 10.062 Oberharz am Brocken
2%
Bayern O 8.696 Obernburg a. Main
2%
Hessen O 10.153 Oberzent
2%
Sachsen-Anhalt O 13.555 Oebisfelde-Weferlingen
2%
Sachsen O 7.876 Oederan
2%
Nordrhein-Westfalen O 17.065 Oerlinghausen
2%
Sachsen O 10.694 Olbernhau
2%
Baden-Württemberg O 4.796 Oppenau
2%
Sachsen-Anhalt O 8.206 Oranienbaum-Wörlitz
2%
Hessen O 8.973 Ortenberg
2%
Bayern O 11.816 Osterhofen
2%
Rheinland-Pfalz O 9.569 Osthofen
2%
Baden-Württemberg Ö 13.038 Östringen
2%
Sachsen O 2.215 Ostritz
2%
Niedersachsen O 7.449 Otterndorf
2%
Baden-Württemberg O 3.382 Owen
2%
Bayern P 7.272 Parsberg
2%
Sachsen P 4.845 Pausa-Mühltroff
2%
Sachsen P 6.504 Pegau
2%
Brandenburg P 4.372 Peitz (Picnjo)
2%
Sachsen P 8.624 Penig
2%
Mecklenburg-Vorpommern P 1.765 Penkun
2%
Bayern P 16.510 Penzberg
2%
Bayern P 16.186 Pocking
2%
Hessen P 18.049 Pohlheim
2%
Bayern P 21.235 Puchheim
2%
Sachsen-Anhalt R 8.931 Raguhn-Jeßnitz
2%
Bayern R 9.002 Rain
2%
Baden-Württemberg R 8.752 Rauenberg
2%
Sachsen R 3.821 Regis-Breitingen
2%
Bayern R 9.319 Rehau
2%
Niedersachsen R 10.179 Rehburg-Loccum
2%
Mecklenburg-Vorpommern R 3.592 Rehna
2%
Hessen R 16.426 Reinheim
2%
Baden-Württemberg R 7.387 Renchen
2%
Mecklenburg-Vorpommern R 2.169 Rerik
2%
Rheinland-Pfalz R 4.103 Rheinböllen
2%
Sachsen R 5.658 Rochlitz
2%
Rheinland-Pfalz R 5.373 Rockenhausen
2%
Bayern R 13.082 Rödental
2%
Baden-Württemberg R 6.383 Rosenfeld
2%
Hessen R 2.158 Rosenthal
2%
Sachsen R 7.410 Roßwein
2%
Sachsen R 6.200 Rötha
2%
Bayern R 3.357 Rötz
2%
Brandenburg R 3.739 Ruhland
2%
Baden-Württemberg R 10.875 Rutesheim
2%
Nordrhein-Westfalen R 10.565 Rüthen
2%
Sachsen-Anhalt S 14.364 Sandersdorf-Brehna
2%
Nordrhein-Westfalen S 14.215 Sassenberg
2%
Baden-Württemberg S 6.870 Schelklingen
2%
Baden-Württemberg S 3.801 Schiltach
2%
Thüringen S 10.801 Schleusingen
2%
Niedersachsen S 531 Schnackenburg
2%
Baden-Württemberg S 4.754 Schömberg
2%
Sachsen S 3.114 Schöneck/Vogtl.
2%
Bayern S 3.215 Schönwald
2%
Baden-Württemberg S 19.763 Schopfheim
2%
Niedersachsen S 5.484 Schöppenstedt
2%
Hessen S 10.045 Schotten
2%
Baden-Württemberg S 14.921 Schriesheim
2%
Baden-Württemberg S 5.797 Schrozberg
2%
Bayern S 6.865 Schwarzenbach a.d. Saale
2%
Bayern S 4.351 Schwarzenbach a. Wald
2%
Sachsen S 3.622 Seifhennersdorf
2%
Hessen S 7.693 Sontra
2%
Baden-Württemberg S 13.187 Spaichingen
2%
Hessen S 6.039 Spangenberg
2%
Nordrhein-Westfalen S 14.419 Spenge
2%
Hessen S 8.448 Staufenberg
2%
Brandenburg S 9.352 Storkow (Mark)
2%
Sachsen S 3.688 Strehla
2%
Baden-Württemberg S 5.385 Stühlingen
2%
Sachsen-Anhalt S 13.227 Südliches Anhalt
2%
Baden-Württemberg S 2.732 Sulzburg
2%
Baden-Württemberg T 4.690 Tengen
2%
Mecklenburg-Vorpommern T 3.997 Tessin
2%
Sachsen T 5.968 Thalheim/Erzgeb.
2%
Bayern T 5.825 Tittmoning
2%
Thüringen T 5.936 Treffurt
2%
Hessen T 4.866 Trendelburg
2%
Mecklenburg-Vorpommern T 2.598 Tribsees
2%
Thüringen T 3.597 Triptis
2%
Baden-Württemberg T 6.330 Trochtelfingen
2%
Bayern U 6.564 Uffenheim
2%
Rheinland-Pfalz U 3.377 Ulmen
2%
Rheinland-Pfalz U 4.971 Unkel
2%
Bayern V 5.350 Velburg
2%
Nordrhein-Westfalen V 13.112 Velen
2%
Brandenburg V 7.862 Vetschau/Spreewald (Wětošow/Błota)
2%
Niedersachsen V 9.579 Visselhövede
2%
Baden-Württemberg V 6.121 Vogtsburg im Kaiserstuhl
2%
Hessen V 6.704 Volkmarsen
2%
Schleswig-Holstein W 9.839 Wahlstedt
2%
Baden-Württemberg W 8.748 Waldenbuch
2%
Hessen W 4.228 Waldkappel
2%
Bayern W 10.732 Waldkirchen
2%
Bayern W 6.615 Waldmünchen
2%
Bayern W 6.626 Waldsassen
2%
Hessen W 4.190 Wanfried
2%
Nordrhein-Westfalen W 18.830 Wassenberg
2%
Bayern W 6.063 Wassertrüdingen
2%
Baden-Württemberg W 7.439 Weikersheim
2%
Bayern W 13.699 Weißenhorn
2%
Rheinland-Pfalz W 9.191 Weißenthurm
2%
Baden-Württemberg W 11.160 Welzheim
2%
Sachsen-Anhalt W 1.017 Werben (Elbe)
2%
Niedersachsen W 10.308 Werlte
2%
Brandenburg W 9.226 Werneuchen
2%
Mecklenburg-Vorpommern W 3.057 Wesenberg
2%
Baden-Württemberg W 2.034 Wiesensteig
2%
Niedersachsen W 13.339 Wiesmoor
2%
Baden-Württemberg W 10.183 Wildberg
2%
Sachsen W 9.531 Wilkau-Haßlau
2%
Nordrhein-Westfalen W 8.154 Willebadessen
2%
Schleswig-Holstein W 4.301 Wilster
2%
Niedersachsen W 11.357 Wittingen
2%
Mecklenburg-Vorpommern W 4.308 Woldegk
2%
Rheinland-Pfalz W 1.888 Wolfstein
2%
Brandenburg W 7.125 Wriezen
2%
Niedersachsen W 2.790 Wustrow (Wendland)
2%
Brandenburg Z 2.503 Ziesar
2%
Sachsen-Anhalt A 7.650 Allstedt
1%
Sachsen-Anhalt A 2.552 Alsleben (Saale)
1%
Thüringen A 5.945 An der Schmücke
1%
Thüringen A 3.394 Auma-Weidatal
1%
Bayern B 4.384 Bad Berneck i. Fichtelgebirge
1%
Sachsen-Anhalt B 2.654 Bad Bibra
1%
Bayern B 7.945 Baiersdorf
1%
Bayern B 3.055 Bärnau
1%
Nordrhein-Westfalen B 8.501 Barntrup
1%
Bayern B 3.957 Baunach
1%
Bayern B 8.864 Berching
1%
Sachsen B 6.344 Bernsdorf
1%
Sachsen B 3.298 Bernstadt a. d. Eigen
1%
Bayern B 2.482 Betzenstein
1%
Thüringen B 6.502 Blankenhain
1%
Niedersachsen B 5.588 Bodenwerder
1%
Nordrhein-Westfalen B 8.501 Borgentreich
1%
Rheinland-Pfalz B 2.954 Braubach
1%
Hessen B 7.496 Breuberg
1%
Brandenburg B 1.804 Brüssow
1%
Bayern B 3.368 Burgbernheim
1%
Rheinland-Pfalz D 4.214 Daaden
1%
Bayern D 7.266 Dettelbach
1%
Rheinland-Pfalz D 5.767 Dierdorf
1%
Brandenburg D 3.166 Döbern (Derbno)
1%
Sachsen D 2.426 Dommitzsch
1%
Baden-Württemberg D 6.105 Dornhan
1%
Brandenburg D 5.508 Drebkau (Drjowk)
1%
Thüringen E 2.658 Ebeleben
1%
Sachsen-Anhalt E 3.200 Egeln
1%
Bayern E 3.094 Eibelstadt
1%
Sachsen E 7.193 Eibenstock
1%
Bayern E 3.960 Ellingen
1%
Thüringen E 5.394 Ellrich
1%
Sachsen E 3.828 Elsterberg
1%
Sachsen E 2.704 Elstra
1%
Sachsen E 2.809 Elterlein
1%
Rheinland-Pfalz E 4.967 Emmelshausen
1%
Bayern E 5.032 Erbendorf
1%
Hessen E 15.428 Erlensee
1%
Niedersachsen E 3.461 Eschershausen
1%
Hessen F 8.803 Florstadt
1%
Baden-Württemberg F 5.141 Forchtenberg
1%
Niedersachsen F 5.115 Freren
1%
Bayern F 9.118 Freystadt
1%
Brandenburg F 2.496 Friesack
1%
Thüringen G 2.118 Gebesee
1%
Hessen G 7.259 Gedern
1%
Thüringen G 2.465 Gefell
1%
Bayern G 4.251 Gefrees
1%
Bayern G 6.912 Geiselhöring
1%
Bayern G 11.520 Geisenfeld
1%
Baden-Württemberg G 4.297 Gerabronn
1%
Sachsen G 4.212 Geringswalde
1%
Bayern G 3.479 Goldkronach
1%
Brandenburg G 2.507 Golßen
1%
Hessen G 2.376 Grebenau
1%
Sachsen-Anhalt G 3.556 Gröningen
1%
Hessen G 4.677 Groß-Bieberau
1%
Thüringen G 6.104 Großbreitenbach
1%
Thüringen G 2.321 Großenehrich
1%
Brandenburg G 8.455 Großräschen (Rań)
1%
Sachsen G 9.659 Großröhrsdorf
1%
Sachsen G 5.580 Großschirma
1%
Sachsen G 5.768 Grünhain-Beierfeld
1%
Baden-Württemberg G 3.629 Grünsfeld
1%
Hessen G 9.761 Gudensberg
1%
Baden-Württemberg G 6.434 Güglingen
1%
Sachsen-Anhalt G 4.074 Güsten
1%
Mecklenburg-Vorpommern G 2.967 Gützkow
1%
Rheinland-Pfalz H 5.456 Hagenbach
1%
Baden-Württemberg H 5.969 Haiterbach
1%
Niedersachsen H 7.584 Hardegsen
1%
Hessen H 2.939 Hatzfeld (Eder)
1%
Baden-Württemberg H 2.196 Hayingen
1%
Sachsen-Anhalt H 6.877 Hecklingen
1%
Bayern H 4.653 Heideck
1%
Bayern H 8.454 Helmbrechts
1%
Bayern H 9.317 Hemau
1%
Hessen H 4.709 Herbstein
1%
Bayern H 8.101 Herrieden
1%
Rheinland-Pfalz H 3.210 Hillesheim
1%
Bayern H 1.442 Hohenberg a.d. Eger
1%
Sachsen-Anhalt H 9.510 Hohenmölsen
1%
Bayern H 5.024 Hollfeld
1%
Nordrhein-Westfalen H 6.595 Horstmar
1%
Baden-Württemberg H 7.891 Hüfingen
1%
Hessen I 7.031 Immenhausen
1%
Baden-Württemberg I 5.476 Ingelfingen
1%
Bayern I 4.725 Iphofen
1%
Sachsen J 2.569 Jöhstadt
1%
Rheinland-Pfalz K 2.169 Katzenelnbogen
1%
Sachsen-Anhalt K 9.544 Kemberg
1%
Bayern K 5.500 Kemnath
1%
Brandenburg K 6.595 Ketzin/Havel
1%
Bayern K 3.166 Kirchenlamitz
1%
Hessen K 3.151 Kirtorf
1%
Sachsen K 5.074 Kitzscher
1%
Baden-Württemberg K 8.068 Knittlingen
1%
Sachsen K 4.565 Königsbrück
1%
Baden-Württemberg K 4.640 Krautheim
1%
Sachsen-Anhalt K 1.402 Kroppenstedt
1%
Bayern K 1.067 Kupferberg
1%
Baden-Württemberg K 8.372 Kuppenheim
1%
Niedersachsen L 11.245 Langelsheim
1%
Bayern L 10.652 Langenzenn
1%
Baden-Württemberg L 2.583 Lauterstein
1%
Bayern L 5.624 Leutershausen
1%
Sachsen L 7.907 Lugau/Erzgeb.
1%
Sachsen L 4.133 Lunzenau
1%
Bayern M 2.283 Mainbernheim
1%
Rheinland-Pfalz M 1.416 Manderscheid
1%
Bayern M 3.973 Marktbreit
1%
Bayern M 2.999 Marktleuthen
1%
Bayern M 1.995 Marktsteft
1%
Bayern M 3.067 Merkendorf
1%
Bayern M 6.495 Mitterteich
1%
Sachsen-Anhalt M 8.541 Mücheln (Geiseltal)
1%
Brandenburg M 7.003 Müncheberg
1%
Bayern M 7.523 Münnerstadt
1%
Rheinland-Pfalz M 3.445 Münstermaifeld
1%
Hessen M 5.835 Münzenberg
1%
Baden-Württemberg N 7.991 Neresheim
1%
Baden-Württemberg N 5.731 Neubulach
1%
Baden-Württemberg N 5.302 Neudenau
1%
Rheinland-Pfalz N 1.512 Neuerburg
1%
Mecklenburg-Vorpommern N 1.747 Neukalen
1%
Hessen N 5.392 Niedenstein
1%
Baden-Württemberg N 4.073 Niedernhall
1%
Baden-Württemberg N 4.721 Niederstotzingen
1%
Brandenburg N 2.005 Niemegk
1%
Bayern N 9.053 Nittenau
1%
Thüringen N 5.742 Nottertal-Heilinger Höhen
1%
Sachsen O 5.851 Oberlungwitz
1%
Rheinland-Pfalz O 1.056 Obermoschel
1%
Niedersachsen O 9.240 Obernkirchen
1%
Baden-Württemberg O 3.298 Oberriexingen
1%
Bayern O 5.019 Oberviechtach
1%
Thüringen O 1.087 Orlamünde
1%
Bayern O 1.653 Ornbau
1%
Brandenburg O 2.033 Ortrand
1%
Sachsen-Anhalt O 2.436 Osterfeld
1%
Rheinland-Pfalz O 5.309 Otterberg
1%
Mecklenburg-Vorpommern P 4.175 Penzlin
1%
Bayern P 5.301 Pfreimd
1%
Bayern P 2.327 Pleystein
1%
Sachsen P 7.472 Pockau-Lengefeld
1%
Rheinland-Pfalz P 6.866 Polch
1%
Bayern P 5.183 Pottenstein
1%
Brandenburg P 8.368 Premnitz
1%
Bayern P 4.263 Pressath
1%
Bayern P 3.057 Prichsenstadt
1%
Brandenburg P 2.654 Putlitz
1%
Thüringen R 1.657 Ranis
1%
Rheinland-Pfalz R 7.860 Ransbach-Baumbach
1%
Baden-Württemberg R 2.938 Ravenstein
1%
Hessen R 6.826 Reichelsheim (Wetterau)
1%
Rheinland-Pfalz R 4.374 Rennerod
1%
Niedersachsen R 2.297 Rethem (Aller)
1%
Brandenburg R 1.596 Rhinow
1%
Mecklenburg-Vorpommern R 1.331 Richtenberg
1%
Bayern R 6.119 Riedenburg
1%
Bayern R 1.914 Rieneck
1%
Niedersachsen R 6.568 Rodenberg
1%
Sachsen R 6.361 Rodewisch
1%
Thüringen R 6.747 Römhild
1%
Hessen R 2.676 Romrod
1%
Thüringen R 7.344 Roßleben-Wiehe
1%
Bayern R 1.001 Rothenfels
1%
Bayern R 1.652 Röttingen
1%
Hessen R 9.351 Runkel
1%
Niedersachsen S 1.980 Sachsenhagen
1%
Sachsen S 1.713 Sayda
1%
Thüringen S 3.278 Schalkau (incl. Bachfeld)
1%
Baden-Württemberg S 2.472 Scheer
1%
Bayern S 4.700 Scheinfeld
1%
Bayern S 7.232 Scheßlitz
1%
Nordrhein-Westfalen S 8.355 Schieder-Schwalenberg
1%
Bayern S 2.823 Schillingsfürst
1%
Bayern S 5.965 Schlüsselfeld
1%
Bayern S 4.183 Schnaittenbach
1%
Brandenburg S 3.056 Schönewalde
1%
Bayern S 2.387 Schönsee
1%
Baden-Württemberg S 11.481 Schwaigern
1%
Sachsen-Anhalt S 2.426 Schwanebeck
1%
Thüringen S 3.504 Schwarzatal
1%
Hessen S 1.200 Schwarzenborn
1%
Brandenburg S 5.568 Schwarzheide
1%
Bayern S 4.275 Selbitz
1%
Bayern S 3.949 Seßlach
1%
Brandenburg S 3.154 Sonnewalde
1%
Bayern S 5.087 Spalt
1%
Bayern S 15.222 Stadtbergen
1%
Niedersachsen S 5.636 Stadtoldendorf
1%
Bayern S 1.536 Stadtprozelten
1%
Bayern S 3.113 Stadtsteinach
1%
Rheinland-Pfalz S 3.381 Stromberg
1%
Thüringen T 4.381 Tambach-Dietharz/Thür. Wald
1%
Thüringen T 3.507 Tanna
1%
Bayern T 7.683 Teublitz
1%
Sachsen-Anhalt T 8.014 Teuchern
1%
Brandenburg T 1.885 Teupitz
1%
Bayern T 6.351 Thannhausen
1%
Thüringen T 2.771 Themar
1%
Sachsen T 5.056 Thum
1%
Bayern T 9.249 Töging a. Inn
1%
Sachsen T 3.795 Trebsen/Mulde
1%
Bayern T 11.273 Trostberg
1%
Brandenburg U 5.233 Uebigau-Wahrenbrück
1%
Hessen U 2.908 Ulrichstein
1%
Thüringen U 468 Ummerstadt
1%
Thüringen V 5.055 Vacha
1%
Bayern V 1.813 Velden
1%
Baden-Württemberg V 2.123 Veringenstadt
1%
Bayern V 6.387 Vilseck
1%
Bayern V 8.541 Vohburg a.d. Donau
1%
Bayern V 7.518 Vohenstrauß
1%
Baden-Württemberg V 3.783 Vöhrenbach
1%
Bayern V 8.796 Volkach
1%
Rheinland-Pfalz W 4.585 Wachenheim an der Weinstraße
1%
Baden-Württemberg W 5.644 Waibstadt
1%
Bayern W 3.055 Waischenfeld
1%
Bayern W 4.256 Waldershof
1%
Sachsen-Anhalt W 2.474 Wegeleben
1%
Bayern W 4.727 Weismain
1%
Bayern W 3.095 Weißenstadt
1%
Brandenburg W 3.317 Welzow (Wjelcej)
1%
Bayern W 5.817 Wemding
1%
Thüringen W 6.347 Werra-Suhl-Tal
1%
Bayern W 9.356 Wertingen
1%
Baden-Württemberg W 1.854 Widdern
1%
Sachsen W 3.565 Wildenfels
1%
Sachsen W 4.786 Wilthen
1%
Bayern W 4.923 Windischeschenbach
1%
Bayern W 6.151 Windsbach
1%
Rheinland-Pfalz W 5.474 Wirges
1%
Sachsen W 5.723 Wittichenau (Kulow)
1%
Sachsen W 3.886 Wolkenstein
1%
Thüringen W 3.036 Wurzbach
1%
Thüringen Z 640 Ziegenrück
1%
Hessen Z 6.547 Zierenberg
1%
Sachsen-Anhalt E 2.322 Eckartsberga
0%
Sachsen-Anhalt G 6.964 Gerbstedt
0%
Thüringen G 1.897 Gräfenthal
0%
Thüringen H 1.388 Hohenleuben
0%
Thüringen L 1.643 Lehesten
0%
Thüringen L 2.057 Leutenberg
0%
Thüringen M 2.929 Münchenbernsdorf
0%
Sachsen N 3.770 Netzschkau
0%
Sachsen-Anhalt N 6.104 Nienburg (Saale)
0%
Thüringen R 2.493 Rastenberg
0%
Hessen R 4.410 Rauschenberg
0%
Sachsen-Anhalt S 828 Sandau (Elbe)
0%
Bayern S 1.897 Schauenstein
0%
Sachsen S 2.054 Scheibenberg
0%
Sachsen S 6.142 Schirgiswalde-Kirschau
0%
Thüringen S 2.593 Schkölen
0%
Sachsen S 2.345 Schlettau
0%
Brandenburg S 2.420 Schlieben
0%
Sachsen-Anhalt S 1.077 Schraplau
0%
Sachsen-Anhalt S 7.796 Seeland
0%
Sachsen-Anhalt S 912 Stößen
0%
Bayern T 1.957 Teuschnitz
0%
Bayern W 2.589 Wallenfels
0%
Keine übereinstimmenden Quizze gefunden
Verteilung der Resultate
Anzahl Personen mit jedem Resultat
Perzentil nach korrekt beantworteten Fragen
Ihre Resultats-Entwicklung
Sie haben dieses Quiz noch nicht gespielt